{"text_format":"3","workbook":"xlsx","n_sheets":4,"sheets":["Planilha ATUALIZADA","contrato 062025","Contrato 0142021","Contrato 0172022"],"not_rendered":{"images":2,"external_links":1,"defined_names":2},"read":"whole","date_system":"1900"}

{"sheet":"Planilha ATUALIZADA","index":0,"n_rows":5,"n_cols":5,"rows_kept":5,"merged":[[0,0,0,4]]}
["OBRAS CONCLUÍDAS"]
["Nº Contrato","Objeto","Data de Início","Data de Conclusão","Preço praticado (R$)"]
["014/2021","Contratação De Empresa Especializada Em Serviços De Reformas E Adequações Para Instalação De Sistema De Inspenção E Segurança Nas Recepções , Da Sede Desta Ale, Em Porto Velho","2021-05-18","2021-11-26",{"v":258128.54,"d":"258,128.54"}]
["017/2022/ALE/RO","Contratação de Empresa Especializada em Serviços de Engenharia para Revitalização do Piso em Pintura Epóxi de Alta Resistencia dos Estacionamentos do Subsolo e Térreo da ALE/RO","2021-05-18","2024-11-13",{"$f":"'Contrato 0172022'!R41","v":{"v":4256760.17706463,"d":"4,256,760.18"}}]
["006/2025/ALE/RO","Contratação de Empresa Especializada em perfuração de poço tubular profundo, incluindo-se materiais, equipamentos e licenciamentos necessários para pleno funcionamento do poço na sede da Assembleia Legislativa do Estado de Rondônia","2025-05-15","2025-10-03",{"v":100614.04,"d":"100,614.04"}]

{"sheet":"contrato 062025","index":1,"n_rows":120,"n_cols":15,"rows_kept":120,"merged":[[0,0,0,14],[1,0,1,14],[2,0,2,3],[2,4,2,9],[2,10,2,14],[3,0,3,3],[3,4,3,9],[3,10,3,14],[4,0,4,3],[4,4,4,9],[4,10,4,14],[5,0,5,3],[5,4,5,9],[5,10,5,14],[6,0,6,3],[6,4,6,9],[6,10,6,14],[7,0,7,3],[7,4,7,9],[7,10,7,11],[7,12,7,14],[8,0,8,14],[9,0,10,12],[9,13,9,14],[10,13,12,13],[10,14,12,14],[11,0,12,0],[11,1,12,1],[11,2,12,2],[11,3,12,3],[11,4,12,4],[11,5,12,5],[11,6,12,6],[11,7,12,7],[11,8,12,8],[11,9,11,10],[11,11,11,12],[101,0,101,1],[104,0,104,1],[106,0,106,1],[112,0,112,1],[116,0,116,1],[119,0,119,5],[119,6,119,8],[119,13,119,14]]}
["ASSEMBLEIA LEGISLATIVA DE RONDÔNIA - ALE/RO"]
["Secretaria Especial de Engenharia e Arquitetura"]
["Local: Porto Velho - RO",{"$nulls":3},"Bancos",{"$nulls":5},"Encargos Sociais"]
["Obra: Perfuração de Poço Tubular Profundo no Edifício sede da ALE/RO",{"$nulls":3},"SINAPI - 12/2024 - Rondônia",{"$nulls":5},"Não Desonerado: "]
["Endereço: Av. Faquar nº 2562 - Bairro Olaria - CEP 76.801-189",{"$nulls":3},"SBC - 01/2025 - Rondônia",{"$nulls":5},"Horista: 115,96%"]
["Contratante: Assembleia Legislativa do Estado de Rondônia - ALE/RO",{"$nulls":3},"ORSE - 11/2024 - Sergipe",{"$nulls":5},"Mensalista: 71,39%"]
["Contratada: HIDRO CAMPOS POÇOS ARTESIANOS LTDA - EPP",{"$nulls":3},"SEINFRA - 028 - Ceará",{"$nulls":5},"BDI: 22,88%"]
["Fiscal do Contrato: Jefferson Willian Batista da Silva / Francisco Willyk da Silva Monteiro",{"$nulls":3},"Data base: Dez/2024",{"$nulls":5},"Executado (%):",null,{"$f":"N120/M120","v":{"v":1,"d":"100.00%"}}]
["BOLETIM DE MEDIÇÃO - CONTRATO Nº 006/2025/ALERO - EMPENHO 2025NE000755"]
["BOLETIM DE MEDIÇÃO",{"$nulls":12},"EXECUTADO"]
[{"$nulls":13},"QTD.","VL TOTAL (R$)"]
["CÓDIGO","BANCO"," ITEM","DISCRIMINAÇÃO","QTD."," UNID.","VALOR UNIT. (R$)","VALOR UNIT. C/ BDI (R$)","VALOR TOTAL CONTRATADO (R$)","1º ADITIVO",null,"VALOR CONSOLIDADO"]
[{"$nulls":9},"QTD.","VALOR TOTAL (R$)","QTD.","VALOR TOTAL (R$)"]
[null,null,1,"SERVIÇOS PRELIMINARES"]
[103689,"SINAPI","1.1","FORNECIMENTO E INSTALAÇÃO DE PLACA DE OBRA COM CHAPA GALVANIZADA E ESTRUTURA DE MADEIRA. AF_03/2022_PS",{"v":4,"d":"4.00"},"M²",463.13,569.09,{"$f":"E15*H15","v":{"v":2276.36,"d":"2,276.36"}},null,null,{"$f":"E15","v":{"v":4,"d":"4.00"}},{"$f":"I15","v":{"v":2276.36,"d":"R$ 2,276.36"}},{"v":4,"d":"4.00"},{"v":2276.36,"d":"R$ 2,276.36"}]
[" CP003","Próprio","1.2","Taxas e Emolumentos",{"v":1,"d":"1.00"},"UN",271.47,333.58,{"$f":"E16*H16","v":333.58},null,null,{"$f":"E16","v":{"v":1,"d":"1.00"}},{"$f":"I16","v":{"v":333.58,"d":"R$ 333.58"}},{"v":1,"d":"1.00"},{"v":333.58,"d":"R$ 333.58"}]
[null,null,2,"ADMINISTRAÇÃO LOCAL"]
[null,null,3,"CAPTAÇÃO"]
[null,null,"3.1","PERFURAÇÃO DE POÇO TUBULAR PROFUNDO"]
["PRQ3","Próprio","3.1.1","CAIXA PARA PROTEÇÃO DE MACRO MEDIDORES EM ALVENARIA, DIM. INT. = 0,70 x 1,00 x 0,50 M - Ref. ORSE (5965)",{"v":1,"d":"1.00"},"UN",668.83,821.85,{"$f":"E20*H20","v":821.85},null,null,{"$f":"E20","v":{"v":1,"d":"1.00"}},{"$f":"I20","v":{"v":821.85,"d":"R$ 821.85"}},{"v":1,"d":"1.00"},{"v":821.85,"d":"R$ 821.85"}]
[null,"COTAÇÃO","3.1.2","PERFURAÇÃO DE POÇO TUBULAR PROFUNDO COM PROFUNDIDADE PREVISTA MÍNIMA DE 120M E MÁXIMA DE 140M, DIÂMETRO DE PERFURAÇÃO DE 10”, REVESTIMENTO DE DN 6”, COM FORNECIMENTO E INSTALAÇÃO DE BOMBA",{"v":1,"d":"1.00"},"UN",{"v":389.56143,"d":"389.56"},{"v":389.56143,"d":"389.56"},{"$f":"H21*140","v":{"v":54538.60019999999,"d":"54,538.60"}},{"v":16,"d":"16.00"},{"$f":"J21*H21","v":{"v":6232.98288,"d":"R$ 6,232.98"}},{"v":1,"d":"1.00"},{"$f":"K21+I21","v":{"v":60771.58308,"d":"R$ 60,771.58"}},{"v":1,"d":"1.00"},{"v":60771.58308,"d":"R$ 60,771.58"}]
[null,null,"3.2","FORNECIMENTO E ASSENTAMENTO DE EQUIPAMENTOS E MATERIAIS"]
[" CP024","Próprio","3.2.1","Aquisição e assentamento de macromedidor, diam. =   50mm - Ref. ORSE (6058)",{"v":1,"d":"1.00"},"UN",{"v":1947.66,"d":"1,947.66"},{"v":2393.28,"d":"2,393.28"},{"$f":"E23*H23","v":{"v":2393.28,"d":"2,393.28"}},null,null,{"$f":"E23","v":{"v":1,"d":"1.00"}},{"$f":"I23","v":{"v":2393.28,"d":"R$ 2,393.28"}},{"v":1,"d":"1.00"},{"v":2393.28,"d":"R$ 2,393.28"}]
[" CP025 ","Próprio","3.2.2","Aquisição e instalação de filtro para poço tubular profundo",{"v":1,"d":"1.00"},"UN",{"v":2734.29,"d":"2,734.29"},{"v":3359.89,"d":"3,359.89"},{"$f":"E24*H24","v":{"v":3359.89,"d":"3,359.89"}},null,null,{"$f":"E24","v":{"v":1,"d":"1.00"}},{"$f":"I24","v":{"v":3359.89,"d":"R$ 3,359.89"}},{"v":1,"d":"1.00"},{"v":3359.89,"d":"R$ 3,359.89"}]
[null,null,"3.3","AQUISIÇÃO E ASSENTAMENTO DE TUBOS E CONEXÕES PARA BARRILETE RECALQUE EM FERRO GALVANIZADO"]
[" 92345 ","SINAPI","3.3.1","LUVA, EM FERRO GALVANIZADO, DN 50 (2\"), CONEXÃO ROSQUEADA, INSTALADO EM PRUMADAS - FORNECIMENTO E INSTALAÇÃO. AF_10/2020",{"v":1,"d":"1.00"},"UN",64.53,79.29,{"$f":"E26*H26","v":79.29},null,null,{"$f":"E26","v":{"v":1,"d":"1.00"}},{"$f":"I26","v":{"v":79.29,"d":"R$ 79.29"}},{"v":1,"d":"1.00"},{"v":79.29,"d":"R$ 79.29"}]
[" 92692 ","SINAPI","3.3.2","NIPLE, EM FERRO GALVANIZADO, CONEXÃO ROSQUEADA, DN 15 (1/2\"), INSTALADO EM RAMAIS E SUB-RAMAIS DE GÁS - FORNECIMENTO E INSTALAÇÃO. AF_10/2020",{"v":5,"d":"5.00"},"UN",14.21,17.46,{"v":87.30000000000001,"d":"87.30"},null,null,{"$f":"E27","v":{"v":5,"d":"5.00"}},{"$f":"I27","v":{"v":87.30000000000001,"d":"R$ 87.30"}},{"v":5,"d":"5.00"},{"v":87.30000000000001,"d":"R$ 87.30"}]
[" 92344 ","SINAPI","3.3.3","NIPLE, EM FERRO GALVANIZADO, DN 50 (2\"), CONEXÃO ROSQUEADA, INSTALADO EM PRUMADAS - FORNECIMENTO E INSTALAÇÃO. AF_10/2020",{"v":6,"d":"6.00"},"UN",64.55,79.31,475.86,{"v":1,"d":"1.00"},{"$f":"J28*H28","v":{"v":79.31,"d":"R$ 79.31"}},{"$f":"E28+J28","v":{"v":7,"d":"7.00"}},{"$f":"I28+K28","v":{"v":555.1700000000001,"d":"R$ 555.17"}},{"v":7,"d":"7.00"},{"v":555.1700000000001,"d":"R$ 555.17"}]
[" 92356 ","SINAPI","3.3.4","TÊ, EM FERRO GALVANIZADO, DN 50 (2\"), CONEXÃO ROSQUEADA, INSTALADO EM PRUMADAS - FORNECIMENTO E INSTALAÇÃO. AF_10/2020",{"v":1,"d":"1.00"},"UN",125.59,154.32,154.32,{"v":2,"d":"2.00"},{"$f":"J29*H29","v":{"v":308.64,"d":"R$ 308.64"}},{"v":3,"d":"3.00"},{"$f":"I29+K29","v":{"v":462.96,"d":"R$ 462.96"}},{"v":3,"d":"3.00"},{"v":462.96,"d":"R$ 462.96"}]
[" 92341 ","SINAPI","3.3.5","TUBO DE AÇO GALVANIZADO COM COSTURA, CLASSE MÉDIA, DN 50 (2\"), CONEXÃO ROSQUEADA, INSTALADO EM PRUMADAS - FORNECIMENTO E INSTALAÇÃO. AF_10/2020",{"v":13,"d":"13.00"},"M",120.39,147.93,{"v":1923.0900000000001,"d":"1,923.09"},{"v":1,"d":"1.00"},{"v":147.93,"d":"R$ 147.93"},{"v":14,"d":"14.00"},{"v":2071.02,"d":"R$ 2,071.02"},{"v":14,"d":"14.00"},{"v":2071.02,"d":"R$ 2,071.02"}]
[" 92889 ","SINAPI","3.3.6","UNIÃO, EM FERRO GALVANIZADO, DN 50 (2\"), CONEXÃO ROSQUEADA, INSTALADO EM PRUMADAS - FORNECIMENTO E INSTALAÇÃO. AF_10/2020",{"v":4,"d":"4.00"},"UN",119.55,{"v":146.9,"d":"146.90"},{"v":587.6,"d":"587.60"},{"v":1,"d":"1.00"},{"v":146.9,"d":"R$ 146.90"},{"v":5,"d":"5.00"},{"v":734.5,"d":"R$ 734.50"},{"v":5,"d":"5.00"},{"v":734.5,"d":"R$ 734.50"}]
[" 052045 ","SBC","3.3.7","CURVA 90 GALVANIZADA 2\"\"",{"v":7,"d":"7.00"},"UN",{"v":222.2,"d":"222.20"},273.03,{"v":1911.2099999999998,"d":"1,911.21"},{"v":2,"d":"2.00"},{"v":546.06,"d":"R$ 546.06"},{"v":9,"d":"9.00"},{"v":2457.2699999999995,"d":"R$ 2,457.27"},{"v":9,"d":"9.00"},{"v":2457.2699999999995,"d":"R$ 2,457.27"}]
[" 94498 ","SINAPI","3.3.8","REGISTRO DE GAVETA BRUTO, LATÃO, ROSCÁVEL, 2\" - FORNECIMENTO E INSTALAÇÃO. AF_08/2021",{"v":2,"d":"2.00"},"UN",123.88,152.22,304.44,{"v":1,"d":"1.00"},{"v":152.22,"d":"R$ 152.22"},{"v":3,"d":"3.00"},{"v":456.65999999999997,"d":"R$ 456.66"},{"v":3,"d":"3.00"},{"v":456.65999999999997,"d":"R$ 456.66"}]
[" 92699 ","SINAPI","3.3.9","JOELHO 90 GRAUS, EM FERRO GALVANIZADO, CONEXÃO ROSQUEADA, DN 15 (1/2\"), INSTALADO EM RAMAIS E SUB-RAMAIS DE GÁS - FORNECIMENTO E INSTALAÇÃO. AF_10/2020",{"v":2,"d":"2.00"},"UN",19.95,24.51,49.02,null,null,{"$f":"E34","v":{"v":2,"d":"2.00"}},{"$f":"I34","v":{"v":49.02,"d":"R$ 49.02"}},{"v":2,"d":"2.00"},{"v":49.02,"d":"R$ 49.02"}]
[" 92693 ","SINAPI","3.3.10","LUVA, EM FERRO GALVANIZADO, CONEXÃO ROSQUEADA, DN 15 (1/2\"), INSTALADO EM RAMAIS E SUB-RAMAIS DE GÁS - FORNECIMENTO E INSTALAÇÃO. AF_10/2020",{"v":2,"d":"2.00"},"UN",14.55,17.87,35.74,null,null,{"v":2,"d":"2.00"},{"$f":"I35","v":{"v":35.74,"d":"R$ 35.74"}},{"v":2,"d":"2.00"},{"v":35.74,"d":"R$ 35.74"}]
[" 055040 ","SBC","3.3.11","TUBO FERRO GALVANIZADO 1/2\"\"",{"v":1,"d":"1.00"},"M",{"v":31.7,"d":"31.70"},38.95,38.95,null,null,{"v":1,"d":"1.00"},{"v":38.95,"d":"R$ 38.95"},{"v":1,"d":"1.00"},{"v":38.95,"d":"R$ 38.95"}]
[" 053434 ","SBC","3.3.12","TAMPAO/CAP EM FERRO GALVANIZADO COM ROSCA 2\"\"",{"v":1,"d":"1.00"},"UN",87.23,107.18,107.18,null,null,{"v":1,"d":"1.00"},{"v":107.18,"d":"R$ 107.18"},{"v":1,"d":"1.00"},{"v":107.18,"d":"R$ 107.18"}]
[" CP026 ","Próprio","3.3.13","Aquisição e Assentamento de Tê de redução FoGo Ø 2\" x 1/2\" - Ref. CAERN (1140048)",{"v":3,"d":"3.00"},"UN",110.86,136.22,{"v":408.65999999999997,"d":"408.66"},null,null,{"v":3,"d":"3.00"},{"v":408.65999999999997,"d":"R$ 408.66"},{"v":3,"d":"3.00"},{"v":408.65999999999997,"d":"R$ 408.66"}]
[" 101917 ","SINAPI","3.3.14","MANÔMETRO 0 A 200 PSI (0 A 14 KGF/CM2), D = 50MM - FORNECIMENTO E INSTALAÇÃO. AF_10/2020",{"v":1,"d":"1.00"},"UN",168.51,207.06,207.06,null,null,{"v":1,"d":"1.00"},{"v":207.06,"d":"R$ 207.06"},{"v":1,"d":"1.00"},{"v":207.06,"d":"R$ 207.06"}]
[" CP027 ","Próprio","3.3.15","FORNECIMENTO, MONTAGEM E INSTALAÇÃO DE CLORADOR DN 50 - Ref. CAEMA (192001)",{"v":1,"d":"1.00"},"UN",907.04,{"v":1114.57,"d":"1,114.57"},{"v":1114.57,"d":"1,114.57"},null,null,{"v":1,"d":"1.00"},{"v":1114.57,"d":"R$ 1,114.57"},{"v":1,"d":"1.00"},{"v":1114.57,"d":"R$ 1,114.57"}]
[" CP028 ","Próprio","3.3.16","ABERTURA E FECHAMENTO MANUAL DE RASGO EM CONCRETO,PARA PASSA GEM DE TUBOS E DUTOS,COM DIAMETRO DE 1.1/4\" A 2\" - Ref. EMOP (15.045.0116-A)",{"v":0.5,"d":"0.50"},"M",140.55,{"v":172.7,"d":"172.70"},86.35,null,null,{"v":0.5,"d":"0.50"},{"v":86.35,"d":"R$ 86.35"},{"v":0.5,"d":"0.50"},{"v":86.35,"d":"R$ 86.35"}]
[" 89349 ","SINAPI","3.3.17","REGISTRO DE PRESSÃO BRUTO, LATÃO, ROSCÁVEL, 1/2\" - FORNECIMENTO E INSTALAÇÃO. AF_08/2021",{"v":4,"d":"4.00"},"UN",22.66,27.84,111.36,null,null,{"v":4,"d":"4.00"},{"v":111.36,"d":"R$ 111.36"},{"v":4,"d":"4.00"},{"v":111.36,"d":"R$ 111.36"}]
[null,null,"3.4","MOVIMENTAÇÃO DE SOLO"]
[null,null,"3.4.1","MOVIMENTO DE TERRA"]
[" 172030 ","SINAPI","3.4.1.1","REATERRO MANUAL COM MATERIAL DA PROPRIA OBRA",{"v":1.2401828,"d":"1.24"},"M²",33.42,41.06,{"$f":"E45*H45","v":{"v":50.921905768,"d":"50.92"}},null,null,{"$f":"E45","v":{"v":1.2401828,"d":"1.24"}},{"$f":"I45","v":{"v":50.921905768,"d":"R$ 50.92"}},{"v":1.2401828,"d":"1.24"},{"v":50.921905768,"d":"R$ 50.92"}]
[" 93358 ","SINAPI","3.4.1.2","ESCAVAÇÃO MANUAL DE VALA COM PROFUNDIDADE MENOR OU IGUAL A 1,30 M. AF_02/2021",2.02,"M²",98.69,121.27,{"$f":"(E46*H46)-0.01","v":{"v":244.9554,"d":"244.96"}},null,null,{"$f":"E46","v":2.02},{"v":244.9554,"d":"R$ 244.96"},2.02,{"v":244.9554,"d":"R$ 244.96"}]
[null,null,"3.5","INSTALAÇÕES ELÉTRICAS"]
[" 93660 ","SINAPI","3.5.1","DISJUNTOR BIPOLAR TIPO DIN, CORRENTE NOMINAL DE 10A - FORNECIMENTO E INSTALAÇÃO. AF_10/2020",{"v":1,"d":"1.00"},"UN",50.21,61.69,{"$f":"E48*H48","v":61.69},null,null,{"$f":"E48","v":{"v":1,"d":"1.00"}},{"$f":"I48","v":{"v":61.69,"d":"R$ 61.69"}},{"v":1,"d":"1.00"},{"v":61.69,"d":"R$ 61.69"}]
[" 101901 ","SINAPI","3.5.2","CONTATOR TRIPOLAR I NOMINAL 12A - FORNECIMENTO E INSTALAÇÃO. AF_10/2020",{"v":1,"d":"1.00"},"UN",165.06,202.82,202.82,null,null,{"v":1,"d":"1.00"},{"v":202.82,"d":"R$ 202.82"},{"v":1,"d":"1.00"},{"v":202.82,"d":"R$ 202.82"}]
[" 8007 ","ORSE","3.5.3","Terminal de compressão para cabo de   4 mm2 - fornecimento e instalação",{"v":27,"d":"27.00"},"UN",2.18,2.67,72.09,null,null,{"v":27,"d":"27.00"},{"v":72.09,"d":"R$ 72.09"},{"v":27,"d":"27.00"},{"v":72.09,"d":"R$ 72.09"}]
[" CP029 ","Próprio","3.5.4","Sinaleiro 22mm com lâmpada vermelha, 220vca, led integrado ao corpo, modelo L2-DR1-R, da Metaltex ou similar (luz de topo) - Ref. ORSE (11436)",{"v":3,"d":"3.00"},"UN",35.67,43.83,131.49,null,null,{"v":3,"d":"3.00"},{"v":131.49,"d":"R$ 131.49"},{"v":3,"d":"3.00"},{"v":131.49,"d":"R$ 131.49"}]
[" 8005 ","ORSE","3.5.5","Terminal de compressão para cabo de   1,50 mm2 - fornecimento e instalação",{"v":45,"d":"45.00"},"UN",1.26,1.54,{"v":69.3,"d":"69.30"},null,null,{"v":45,"d":"45.00"},{"v":69.3,"d":"R$ 69.30"},{"v":45,"d":"45.00"},{"v":69.3,"d":"R$ 69.30"}]
[" 102137 ","SINAPI","3.5.6","CHAVE DE BOIA AUTOMÁTICA SUPERIOR/INFERIOR 15A/250V - FORNECIMENTO E INSTALAÇÃO. AF_12/2020",{"v":1,"d":"1.00"},"UN",95.43,117.26,117.26,null,null,{"v":1,"d":"1.00"},{"v":117.26,"d":"R$ 117.26"},{"v":1,"d":"1.00"},{"v":117.26,"d":"R$ 117.26"}]
[" 91871 ","SINAPI","3.5.7","ELETRODUTO RÍGIDO ROSCÁVEL, PVC, DN 25 MM (3/4\"), PARA CIRCUITOS TERMINAIS, INSTALADO EM PAREDE - FORNECIMENTO E INSTALAÇÃO. AF_03/2023",{"v":1.5,"d":"1.50"},"M",15.69,19.27,{"$f":"(E54*H54)-0.01","v":{"v":28.895,"d":"28.90"}},null,null,{"v":1.5,"d":"1.50"},{"v":28.895,"d":"R$ 28.90"},{"v":1.5,"d":"1.50"},{"v":28.895,"d":"R$ 28.90"}]
[" 063591 ","SBC","3.5.8","BLOCO DE CONTATO AUXILIAR (2NA+2NF)",{"v":1,"d":"1.00"},"UN",{"v":76.2,"d":"76.20"},93.63,{"$f":"E55*H55","v":93.63},null,null,{"v":1,"d":"1.00"},{"v":93.63,"d":"R$ 93.63"},{"v":1,"d":"1.00"},{"v":93.63,"d":"R$ 93.63"}]
[" 4180 ","ORSE","3.5.9","Cabo de cobre PP Cordplast 3 x 4.0 mm2, 450/750v - fornecimento",{"v":107,"d":"107.00"},"M",{"v":13.1,"d":"13.10"},16.09,{"v":1721.6299999999999,"d":"1,721.63"},null,null,{"v":107,"d":"107.00"},{"v":1721.6299999999999,"d":"R$ 1,721.63"},{"v":107,"d":"107.00"},{"v":1721.6299999999999,"d":"R$ 1,721.63"}]
[" 91928 ","SINAPI","3.5.10","CABO DE COBRE FLEXÍVEL ISOLADO, 4 MM², ANTI-CHAMA 450/750 V, PARA CIRCUITOS TERMINAIS - FORNECIMENTO E INSTALAÇÃO. AF_03/2023",{"v":15,"d":"15.00"},"M",7.18,8.82,{"v":132.3,"d":"132.30"},null,null,{"v":15,"d":"15.00"},{"v":132.3,"d":"R$ 132.30"},{"v":15,"d":"15.00"},{"v":132.3,"d":"R$ 132.30"}]
[" 91928 ","SINAPI","3.5.11","CABO DE COBRE FLEXÍVEL ISOLADO, 4 MM², ANTI-CHAMA 450/750 V, PARA CIRCUITOS TERMINAIS - FORNECIMENTO E INSTALAÇÃO. AF_03/2023",{"v":15,"d":"15.00"},"M",7.18,8.82,{"v":132.3,"d":"132.30"},null,null,{"v":15,"d":"15.00"},{"v":132.3,"d":"R$ 132.30"},{"v":15,"d":"15.00"},{"v":132.3,"d":"R$ 132.30"}]
[" 91928 ","SINAPI","3.5.12","CABO DE COBRE FLEXÍVEL ISOLADO, 4 MM², ANTI-CHAMA 450/750 V, PARA CIRCUITOS TERMINAIS - FORNECIMENTO E INSTALAÇÃO. AF_03/2023",{"v":15,"d":"15.00"},"M",7.18,8.82,{"v":132.3,"d":"132.30"},null,null,{"v":15,"d":"15.00"},{"v":132.3,"d":"R$ 132.30"},{"v":15,"d":"15.00"},{"v":132.3,"d":"R$ 132.30"}]
[" 91928 ","SINAPI","3.5.13","CABO DE COBRE FLEXÍVEL ISOLADO, 4 MM², ANTI-CHAMA 450/750 V, PARA CIRCUITOS TERMINAIS - FORNECIMENTO E INSTALAÇÃO. AF_03/2023",{"v":15,"d":"15.00"},"M",7.18,8.82,{"v":132.3,"d":"132.30"},null,null,{"v":15,"d":"15.00"},{"v":132.3,"d":"R$ 132.30"},{"v":15,"d":"15.00"},{"v":132.3,"d":"R$ 132.30"}]
[" 91926 ","SINAPI","3.5.14","CABO DE COBRE FLEXÍVEL ISOLADO, 2,5 MM², ANTI-CHAMA 450/750 V, PARA CIRCUITOS TERMINAIS - FORNECIMENTO E INSTALAÇÃO. AF_03/2023",{"v":2,"d":"2.00"},"M",4.64,{"v":5.7,"d":"5.70"},{"v":11.4,"d":"11.40"},null,null,{"v":2,"d":"2.00"},{"v":11.4,"d":"R$ 11.40"},{"v":2,"d":"2.00"},{"v":11.4,"d":"R$ 11.40"}]
[" 91926 ","SINAPI","3.5.15","CABO DE COBRE FLEXÍVEL ISOLADO, 2,5 MM², ANTI-CHAMA 450/750 V, PARA CIRCUITOS TERMINAIS - FORNECIMENTO E INSTALAÇÃO. AF_03/2023",{"v":1.8,"d":"1.80"},"M",4.64,{"v":5.7,"d":"5.70"},10.26,null,null,{"v":1.8,"d":"1.80"},{"v":10.26,"d":"R$ 10.26"},{"v":1.8,"d":"1.80"},{"v":10.26,"d":"R$ 10.26"}]
[" 91926 ","SINAPI","3.5.16","CABO DE COBRE FLEXÍVEL ISOLADO, 2,5 MM², ANTI-CHAMA 450/750 V, PARA CIRCUITOS TERMINAIS - FORNECIMENTO E INSTALAÇÃO. AF_03/2023",{"v":1.8,"d":"1.80"},"M",4.64,{"v":5.7,"d":"5.70"},10.26,null,null,{"v":1.8,"d":"1.80"},{"v":10.26,"d":"R$ 10.26"},{"v":1.8,"d":"1.80"},{"v":10.26,"d":"R$ 10.26"}]
[" 91924 ","SINAPI","3.5.17","CABO DE COBRE FLEXÍVEL ISOLADO, 1,5 MM², ANTI-CHAMA 450/750 V, PARA CIRCUITOS TERMINAIS - FORNECIMENTO E INSTALAÇÃO. AF_03/2023",{"v":107,"d":"107.00"},"M",3.21,3.94,421.58,null,null,{"v":107,"d":"107.00"},{"v":421.58,"d":"R$ 421.58"},{"v":107,"d":"107.00"},{"v":421.58,"d":"R$ 421.58"}]
[" 91924 ","SINAPI","3.5.18","CABO DE COBRE FLEXÍVEL ISOLADO, 1,5 MM², ANTI-CHAMA 450/750 V, PARA CIRCUITOS TERMINAIS - FORNECIMENTO E INSTALAÇÃO. AF_03/2023",{"v":125,"d":"125.00"},"M",3.21,3.94,{"v":492.5,"d":"492.50"},null,null,{"v":125,"d":"125.00"},{"v":492.5,"d":"R$ 492.50"},{"v":125,"d":"125.00"},{"v":492.5,"d":"R$ 492.50"}]
[" 91924 ","SINAPI","3.5.19","CABO DE COBRE FLEXÍVEL ISOLADO, 1,5 MM², ANTI-CHAMA 450/750 V, PARA CIRCUITOS TERMINAIS - FORNECIMENTO E INSTALAÇÃO. AF_03/2023",{"v":91,"d":"91.00"},"M",3.21,3.94,358.54,null,null,{"v":91,"d":"91.00"},{"v":358.54,"d":"R$ 358.54"},{"v":91,"d":"91.00"},{"v":358.54,"d":"R$ 358.54"}]
[" 91924 ","SINAPI","3.5.20","CABO DE COBRE FLEXÍVEL ISOLADO, 1,5 MM², ANTI-CHAMA 450/750 V, PARA CIRCUITOS TERMINAIS - FORNECIMENTO E INSTALAÇÃO. AF_03/2023",{"v":3.7,"d":"3.70"},"M",3.21,3.94,{"$f":"(E67*H67)-0.01","v":{"v":14.568000000000001,"d":"14.57"}},null,null,{"v":3.7,"d":"3.70"},{"v":14.568000000000001,"d":"R$ 14.57"},{"v":3.7,"d":"3.70"},{"v":14.568000000000001,"d":"R$ 14.57"}]
[" 13151 ","ORSE","3.5.21","Disjuntor monopolar 6 A, padrão DIN (linha branca), curva de disparo C - Rev 01_05/2022",{"v":1,"d":"1.00"},"UN",32.84,40.35,{"$f":"E68*H68","v":40.35},null,null,{"v":1,"d":"1.00"},{"v":40.35,"d":"R$ 40.35"},{"v":1,"d":"1.00"},{"v":40.35,"d":"R$ 40.35"}]
[" 93653 ","SINAPI","3.5.22","DISJUNTOR MONOPOLAR TIPO DIN, CORRENTE NOMINAL DE 10A - FORNECIMENTO E INSTALAÇÃO. AF_10/2020",{"v":1,"d":"1.00"},"UN",10.69,13.13,13.13,null,null,{"v":1,"d":"1.00"},{"v":13.13,"d":"R$ 13.13"},{"v":1,"d":"1.00"},{"v":13.13,"d":"R$ 13.13"}]
[" 93661 ","SINAPI","3.5.23","DISJUNTOR BIPOLAR TIPO DIN, CORRENTE NOMINAL DE 16A - FORNECIMENTO E INSTALAÇÃO. AF_10/2020",{"v":1,"d":"1.00"},"UN",51.65,63.46,63.46,null,null,{"v":1,"d":"1.00"},{"v":63.46,"d":"R$ 63.46"},{"v":1,"d":"1.00"},{"v":63.46,"d":"R$ 63.46"}]
[" 063063 ","SBC","3.5.24","TERMINAL OLHAL DE COBRE PARA CABO 4mm2",{"v":3,"d":"3.00"},"UN",2.68,3.29,{"v":9.870000000000001,"d":"9.87"},null,null,{"v":3,"d":"3.00"},{"v":9.870000000000001,"d":"R$ 9.87"},{"v":3,"d":"3.00"},{"v":9.870000000000001,"d":"R$ 9.87"}]
[" 91845 ","SINAPI","3.5.25","ELETRODUTO FLEXÍVEL CORRUGADO REFORÇADO, PVC, DN 25 MM (3/4\"), PARA CIRCUITOS TERMINAIS, INSTALADO EM LAJE - FORNECIMENTO E INSTALAÇÃO. AF_03/2023",4.45,"M",8.87,10.89,{"v":48.4605,"d":"48.46"},null,null,4.45,{"v":48.4605,"d":"R$ 48.46"},4.45,{"v":48.4605,"d":"R$ 48.46"}]
[" 11749 ","ORSE","3.5.26","Eletroduto metalico flexivel revestido externamente com pvc preto, diametro externo de 25 mm (3/4\"), tipo sealtubo",{"v":2.2,"d":"2.20"},"M",10.72,13.17,{"v":28.974000000000004,"d":"28.97"},null,null,{"v":2.2,"d":"2.20"},{"v":28.974000000000004,"d":"R$ 28.97"},{"v":2.2,"d":"2.20"},{"v":28.974000000000004,"d":"R$ 28.97"}]
[" 4178 ","ORSE","3.5.27","Abraçadeira em aço inox, tipo \"D\", 1\", fornecimento",{"v":3,"d":"3.00"},"UN",{"v":1.3,"d":"1.30"},1.59,{"v":4.7700000000000005,"d":"4.77"},null,null,{"v":3,"d":"3.00"},{"v":4.7700000000000005,"d":"R$ 4.77"},{"v":3,"d":"3.00"},{"v":4.7700000000000005,"d":"R$ 4.77"}]
[" 3837 ","ORSE","3.5.28","Conector borne SAK 6,0mm",{"v":1,"d":"1.00"},"UN",21.46,26.37,26.37,null,null,{"v":1,"d":"1.00"},{"v":26.37,"d":"R$ 26.37"},{"v":1,"d":"1.00"},{"v":26.37,"d":"R$ 26.37"}]
[" 11969 ","ORSE","3.5.29","Luva sem rosca UNIDUT ø=1 \" C- PB",{"v":4,"d":"4.00"},"UN",7.45,9.15,{"v":36.6,"d":"36.60"},null,null,{"v":4,"d":"4.00"},{"v":36.6,"d":"R$ 36.60"},{"v":4,"d":"4.00"},{"v":36.6,"d":"R$ 36.60"}]
[" 058084 ","SBC","3.5.30","CAIXA PASSAGEM 4x2\"\"",{"v":3,"d":"3.00"},"UN",12.01,14.75,44.25,null,null,{"v":3,"d":"3.00"},{"v":44.25,"d":"R$ 44.25"},{"v":3,"d":"3.00"},{"v":44.25,"d":"R$ 44.25"}]
[" 92000 ","SINAPI","3.5.31","TOMADA BAIXA DE EMBUTIR (1 MÓDULO), 2P+T 10 A, INCLUINDO SUPORTE E PLACA - FORNECIMENTO E INSTALAÇÃO. AF_03/2023",{"v":1,"d":"1.00"},"UN",34.01,41.79,41.79,null,null,{"v":1,"d":"1.00"},{"v":41.79,"d":"R$ 41.79"},{"v":1,"d":"1.00"},{"v":41.79,"d":"R$ 41.79"}]
[" 91953 ","SINAPI","3.5.32","INTERRUPTOR SIMPLES (1 MÓDULO), 10A/250V, INCLUINDO SUPORTE E PLACA - FORNECIMENTO E INSTALAÇÃO. AF_03/2023",{"v":1,"d":"1.00"},"UN",32.45,39.87,39.87,null,null,{"v":1,"d":"1.00"},{"v":39.87,"d":"R$ 39.87"},{"v":1,"d":"1.00"},{"v":39.87,"d":"R$ 39.87"}]
[" CP030 ","Próprio","3.5.33","Chave comutadora/seletora com 1 polo e 3 posições para 25 A - Ref. CPOS (40.12.030)",{"v":1,"d":"1.00"},"UN",51.47,63.24,63.24,null,null,{"v":1,"d":"1.00"},{"v":63.24,"d":"R$ 63.24"},{"v":1,"d":"1.00"},{"v":63.24,"d":"R$ 63.24"}]
[" CP031 ","Próprio","3.5.34","BORNE TERMINAL SAK 4 MM2  - Ref. AGETOP CIVIL (070286)",{"v":3,"d":"3.00"},"UN",14.89,18.29,54.87,null,null,{"v":3,"d":"3.00"},{"v":54.87,"d":"R$ 54.87"},{"v":3,"d":"3.00"},{"v":54.87,"d":"R$ 54.87"}]
[" CP032 ","Próprio","3.5.35","Fornecimento de abraçadeira plástica serrilhada 390 mm - Ref. ORSE (3253)",{"v":85,"d":"85.00"},"UN",{"v":3.6,"d":"3.60"},4.42,{"v":375.7,"d":"375.70"},null,null,{"v":85,"d":"85.00"},{"v":375.7,"d":"R$ 375.70"},{"v":85,"d":"85.00"},{"v":375.7,"d":"R$ 375.70"}]
[" CP033 ","Próprio","3.5.36","ELETRODUTO FLEXÍVEL CORRUGADO, PEAD, DN 25 MM, PARA REDE ENTERRADA DE DISTRIBUIÇÃO DE ENERGIA ELÉTRICA - FORNECIMENTO E INSTALAÇÃO. AF_12/2021 Ref. SINAPI (97667)",{"v":10,"d":"10.00"},"M",6.32,7.76,{"v":77.6,"d":"77.60"},null,null,{"v":10,"d":"10.00"},{"v":77.6,"d":"R$ 77.60"},{"v":10,"d":"10.00"},{"v":77.6,"d":"R$ 77.60"}]
[" CP036 ","Próprio","3.5.37","Unidut Cônico com bucha e arruela 3/4” (25 mm) - Ref. SEDOP (171415)",{"v":4,"d":"4.00"},"UN",10.33,12.69,50.76,null,null,{"v":4,"d":"4.00"},{"v":50.76,"d":"R$ 50.76"},{"v":4,"d":"4.00"},{"v":50.76,"d":"R$ 50.76"}]
[" CP034 ","Próprio","3.5.38","Relé bimetálico de sobrecarga para acoplamento direto, faixas de ajuste de 6,3-10 A - Ref. CPOS 40.11.020",{"v":1,"d":"1.00"},"UN",109.23,134.22,134.22,null,null,{"v":1,"d":"1.00"},{"v":134.22,"d":"R$ 134.22"},{"v":1,"d":"1.00"},{"v":134.22,"d":"R$ 134.22"}]
[" CP035 ","Próprio","3.5.39","BORNE TERMINAL SAK 1,5 MM2  - Ref. AGETOP CIVIL (070286)",{"v":2,"d":"2.00"},"UN",12.76,15.67,31.34,null,null,{"v":2,"d":"2.00"},{"v":31.34,"d":"R$ 31.34"},{"v":2,"d":"2.00"},{"v":31.34,"d":"R$ 31.34"}]
[" CP037 ","Próprio","3.5.40","Canaleta plástica perfurada 30 x 30mm, cinza, Hellerman ou similar - Ref. ORSE (11402)",{"v":1.9,"d":"1.90"},"UN",55.75,{"v":68.5,"d":"68.50"},130.15,null,null,{"v":1.9,"d":"1.90"},{"v":130.15,"d":"R$ 130.15"},{"v":1.9,"d":"1.90"},{"v":130.15,"d":"R$ 130.15"}]
[" CP038 ","Próprio","3.5.41","Fornecimento e montagem mecânica de trilho metálico DIN 35mm - Ref. IOPES (152207)",{"v":0.6,"d":"0.60"},"M",37.49,46.06,{"$f":"(E88*H88)-0.01","v":{"v":27.625999999999998,"d":"27.63"}},null,null,{"v":0.6,"d":"0.60"},{"v":27.625999999999998,"d":"R$ 27.63"},{"v":0.6,"d":"0.60"},{"v":27.625999999999998,"d":"R$ 27.63"}]
[" CP039 ","Próprio","3.5.42","Fornecimento e montagem de barramento borne neutro, 6 vias - Ref. IOPES (152228)",{"v":1,"d":"1.00"},"UN",25.08,30.81,{"$f":"E89*H89","v":30.81},null,null,{"v":1,"d":"1.00"},{"v":30.81,"d":"R$ 30.81"},{"v":1,"d":"1.00"},{"v":30.81,"d":"R$ 30.81"}]
[" CP040 ","Próprio","3.5.43","Fornecimento e montagem de barramento borne terra, 6 vias - Ref. IOPES (152228)",{"v":1,"d":"1.00"},"UN",25.08,30.81,30.81,null,null,{"v":1,"d":"1.00"},{"v":30.81,"d":"R$ 30.81"},{"v":1,"d":"1.00"},{"v":30.81,"d":"R$ 30.81"}]
[" CP041 ","Próprio","3.5.44","Fornecimento e Instalação de Botão de Impulso Plástico com Bloco Removível NA Verde - Ref. ORSE (3803)",{"v":1,"d":"1.00"},"UN",44.08,54.16,54.16,null,null,{"v":1,"d":"1.00"},{"v":54.16,"d":"R$ 54.16"},{"v":1,"d":"1.00"},{"v":54.16,"d":"R$ 54.16"}]
[" CP042 ","Próprio","3.5.45","Fornecimento e Instalação de Botão de Impulso Plástico com Bloco Removível NA Vermelho - Ref. ORSE (3803)",{"v":1,"d":"1.00"},"UN",40.75,50.07,50.07,null,null,{"v":1,"d":"1.00"},{"v":50.07,"d":"R$ 50.07"},{"v":1,"d":"1.00"},{"v":50.07,"d":"R$ 50.07"}]
[" CP043 ","Próprio","3.5.46","FORNECIMENTO E INSTALAÇÃO DE TERMINAL DE COMPRESSÃO PRÉ-ISOLADO TIPO OLHAL 2,5mm2 - Ref.SBC (063063)",{"v":3,"d":"3.00"},"UN",2.04,{"v":2.5,"d":"2.50"},{"v":7.5,"d":"7.50"},null,null,{"v":3,"d":"3.00"},{"v":7.5,"d":"R$ 7.50"},{"v":3,"d":"3.00"},{"v":7.5,"d":"R$ 7.50"}]
[" CP044 ","Próprio","3.5.47","FORNECIMENTO E INSTALAÇÃO DE TERMINAL DE COMPRESSÃO PRÉ-ISOLADO TIPO PINO 2,5mm2 - Ref.SBC (063063)",{"v":7,"d":"7.00"},"UN",2.13,2.61,18.27,null,null,{"v":7,"d":"7.00"},{"v":18.27,"d":"R$ 18.27"},{"v":7,"d":"7.00"},{"v":18.27,"d":"R$ 18.27"}]
[" CP045 ","Próprio","3.5.48","Parafuso auto atarraxante cabeça chata 6.35 mm x 25 mm - fornecimento e colocação REF. ORSE (11039)",{"v":4,"d":"4.00"},"UN",{"v":0.6,"d":"0.60"},0.73,2.92,null,null,{"v":4,"d":"4.00"},{"v":2.92,"d":"R$ 2.92"},{"v":4,"d":"4.00"},{"v":2.92,"d":"R$ 2.92"}]
[" CP046 ","Próprio","3.5.49","LUMINÁRIA ARANDELA TIPO TARTARUGA, COM GRADE, DE SOBREPOR, COM 1 LÂMPADA LED DE 15 W, SEM REATOR - FORNECIMENTO E INSTALAÇÃO. AF_02/2020 REF. SINAPI (97608)",{"v":1,"d":"1.00"},"UN",108.92,133.84,133.84,null,null,{"v":1,"d":"1.00"},{"v":133.84,"d":"R$ 133.84"},{"v":1,"d":"1.00"},{"v":133.84,"d":"R$ 133.84"}]
[" CP048 ","Próprio","3.5.50","Disjuntor Bipolar 6 A - FORNECIMENTO E INSTALAÇÃO - Ref. SINAPI (93660)",{"v":1,"d":"1.00"},"UN",32.27,39.65,39.65,null,null,{"v":1,"d":"1.00"},{"v":39.65,"d":"R$ 39.65"},{"v":1,"d":"1.00"},{"v":39.65,"d":"R$ 39.65"}]
[" CP049 ","Próprio","3.5.51","Fornecimento e montagem de barramento pente 12 pólos 63A - Ref. IOPES (152228)",{"v":1,"d":"1.00"},"UN",32.85,40.36,40.36,null,null,{"v":1,"d":"1.00"},{"v":40.36,"d":"R$ 40.36"},{"v":1,"d":"1.00"},{"v":40.36,"d":"R$ 40.36"}]
[" PRQ004 ","Próprio","3.5.52","RELÉ DE NÍVEL COM 3 ELETRODOS CONTATOS DE 10A - 250V - REF. SEINFRA (C4896)",{"v":1,"d":"1.00"},"UN",201.75,247.91,247.91,null,null,{"v":1,"d":"1.00"},{"v":247.91,"d":"R$ 247.91"},{"v":1,"d":"1.00"},{"v":247.91,"d":"R$ 247.91"}]
[" PRQ005 ","Próprio","3.5.53","DISJUNTOR DIFERENCIAL DR-16A - 40A, 30mA - REF. SEINFRA (C4530)",{"v":1,"d":"1.00"},"UN",168.83,207.45,207.45,null,null,{"v":1,"d":"1.00"},{"v":207.45,"d":"R$ 207.45"},{"v":1,"d":"1.00"},{"v":207.45,"d":"R$ 207.45"}]
[null,null,4,"ABRIGO"]
[null,null,"4.1","ESTRUTURA"]
[" PRQ000 ","Próprio","4.1.1","BLOCOS DE APOIO MOLDADOS NO LOCAL EM CONCRETO SIMPLES FCK >= 15 MPA - CONTROLE \"A\" - Ref. COMPESA",0.02,"M²",{"v":1369.86,"d":"1,369.86"},{"v":1683.28,"d":"1,683.28"},{"$f":"(E103*H103)-0.01","v":{"v":33.6556,"d":"33.66"}},null,null,{"$f":"E103","v":0.02},{"$f":"I103","v":{"v":33.6556,"d":"R$ 33.66"}},0.02,{"v":33.6556,"d":"R$ 33.66"}]
[" PRQ002 ","Próprio","4.1.2","EXECUÇÃO DE ESTRUTURAS DE CONCRETO ARMADO, FCK = 25 MPA",1.06,"M²",{"v":3976.9,"d":"3,976.90"},{"v":4886.81,"d":"4,886.81"},{"$f":"(E104*H104)-0.01","v":{"v":5180.0086,"d":"5,180.01"}},null,null,{"$f":"E104","v":1.06},{"v":5180.0086,"d":"R$ 5,180.01"},1.06,{"v":5180.0086,"d":"R$ 5,180.01"}]
[null,null,"4.2","PISO"]
[170205,"SBC","4.2.1","CONTRAPISO EM CONCRETO MAGRO TRACO 1:3:5 5CM",4.05,"M²",57.96,71.22,{"$f":"E106*H106","v":{"v":288.441,"d":"288.44"}},null,null,{"$f":"E106","v":4.05},{"$f":"I106","v":{"v":288.441,"d":"R$ 288.44"}},4.05,{"v":288.441,"d":"R$ 288.44"}]
[null,null,"4.3","ALVENARIA"]
[" 103333 ","SINAPI","4.3.1","ALVENARIA DE VEDAÇÃO DE BLOCOS CERÂMICOS FURADOS NA HORIZONTAL DE 9X14X19 CM (ESPESSURA 9 CM) E ARGAMASSA DE ASSENTAMENTO COM PREPARO MANUAL. AF_12/2021",5.72,"M²",{"v":130.7,"d":"130.70"},{"v":160.6,"d":"160.60"},{"$f":"E108*H108","v":{"v":918.632,"d":"918.63"}},null,null,{"$f":"E108","v":5.72},{"$f":"I108","v":{"v":918.632,"d":"R$ 918.63"}},5.72,{"v":918.632,"d":"R$ 918.63"}]
[" 87878 ","SINAPI","4.3.2","CHAPISCO APLICADO EM ALVENARIAS E ESTRUTURAS DE CONCRETO INTERNAS, COM COLHER DE PEDREIRO.  ARGAMASSA TRAÇO 1:3 COM PREPARO MANUAL. AF_10/2022",{"v":15.8906,"d":"15.89"},"M²",5.96,7.32,{"$f":"(E109*H109)-0.01","v":{"v":116.309192,"d":"116.31"}},null,null,{"$f":"E109","v":{"v":15.8906,"d":"15.89"}},{"v":116.309192,"d":"R$ 116.31"},{"v":15.8906,"d":"15.89"},{"v":116.309192,"d":"R$ 116.31"}]
[" 11396 ","ORSE","4.3.3","Cobogo cimento tipo \"veneziana\", dim: 40 x 40 x 9cm",6.16,"M²",120.67,148.27,{"$f":"E110*H110","v":{"v":913.3432000000001,"d":"913.34"}},null,null,{"$f":"E110","v":6.16},{"v":913.3432000000001,"d":"R$ 913.34"},6.16,{"v":913.3432000000001,"d":"R$ 913.34"}]
[" 104238 ","SINAPI","4.3.4","EMBOÇO OU MASSA ÚNICA EM ARGAMASSA TRAÇO 1:2:8, PREPARO MANUAL, APLICADA MANUALMENTE EM PANOS DE FACHADA SEM PRESENÇA DE VÃOS, ESPESSURA DE 35 MM, ACESSO POR ANDAIME. AF_08/2022",{"v":15.8906,"d":"15.89"},"M²",67.07,82.41,{"$f":"E111*H111","v":{"v":1309.544346,"d":"1,309.54"}},null,null,{"$f":"E111","v":{"v":15.8906,"d":"15.89"}},{"v":1309.544346,"d":"R$ 1,309.54"},{"v":15.8906,"d":"15.89"},{"v":1309.544346,"d":"R$ 1,309.54"}]
[" 053042 ","SBC","4.3.5","ABERTURA E FECHAMENTO DE RASGOS EM ALVENARIA",{"v":1.6,"d":"1.60"},"M",{"v":19.2,"d":"19.20"},23.59,{"$f":"E112*H112","v":{"v":37.744,"d":"37.74"}},null,null,{"$f":"E112","v":{"v":1.6,"d":"1.60"}},{"v":37.744,"d":"R$ 37.74"},{"v":1.6,"d":"1.60"},{"v":37.744,"d":"R$ 37.74"}]
[null,null,"4.4","PINTURA"]
[" 88415 ","SINAPI","4.4.1","APLICAÇÃO MANUAL DE FUNDO SELADOR ACRÍLICO EM PAREDES EXTERNAS DE CASAS. AF_03/2024",{"v":28.8221,"d":"28.82"},"M²",4.35,5.34,{"$f":"E114*H114","v":{"v":153.910014,"d":"153.91"}},null,null,{"$f":"E114","v":{"v":28.8221,"d":"28.82"}},{"$f":"I114","v":{"v":153.910014,"d":"R$ 153.91"}},{"v":28.8221,"d":"28.82"},{"v":153.910014,"d":"R$ 153.91"}]
[" 96135 ","SINAPI","4.4.2","APLICAÇÃO MANUAL DE MASSA ACRÍLICA EM PAREDES EXTERNAS DE CASAS, DUAS DEMÃOS. AF_03/2024",{"v":28.8221,"d":"28.82"},"M²",31.02,38.11,{"$f":"E115*H115","v":{"v":1098.4102309999998,"d":"1,098.41"}},null,null,{"$f":"E115","v":{"v":28.8221,"d":"28.82"}},{"v":1098.4102309999998,"d":"R$ 1,098.41"},{"v":28.8221,"d":"28.82"},{"v":1098.4102309999998,"d":"R$ 1,098.41"}]
[" 88489 ","SINAPI","4.4.3","PINTURA LÁTEX ACRÍLICA PREMIUM, APLICAÇÃO MANUAL EM PAREDES, DUAS DEMÃOS. AF_04/2023",{"v":28.8221,"d":"28.82"},"M²",13.05,16.03,{"$f":"(E116*H116)-0.01","v":{"v":462.008263,"d":"462.01"}},null,null,{"$f":"E116","v":{"v":28.8221,"d":"28.82"}},{"v":462.008263,"d":"R$ 462.01"},{"v":28.8221,"d":"28.82"},{"v":462.008263,"d":"R$ 462.01"}]
[null,null,"4.5","GRADIL METÁLICO"]
[" 9072 ","ORSE","4.5.1","Portão em ferro, em gradil metálico, padrão belgo ou equivalente, de correr",{"v":1.6,"d":"1.60"},"M²",892.26,{"v":1096.4,"d":"1,096.40"},{"$f":"E118*H118","v":{"v":1754.2400000000002,"d":"1,754.24"}},null,null,{"$f":"E118","v":{"v":1.6,"d":"1.60"}},{"$f":"I118","v":{"v":1754.2400000000002,"d":"R$ 1,754.24"}},{"v":1.6,"d":"1.60"},{"v":1754.2400000000002,"d":"R$ 1,754.24"}]
[" 111041 ","SBC","4.5.2","GRADIL EXTERNO C/TUBOS+BARRA CHATA ACO COM PINTURA DUAS FACES",4.34,"M²",464.67,570.98,{"$f":"E119*H119","v":{"v":2478.0532,"d":"2,478.05"}},null,null,{"$f":"E119","v":4.34},{"v":2478.0532,"d":"R$ 2,478.05"},4.34,{"v":2478.0532,"d":"R$ 2,478.05"}]
["Valor Total Contratado",{"$nulls":5},{"$f":"SUBTOTAL(9,I14:I119)","v":{"v":93000.00065176804,"d":"R$ 93,000.00"}},null,null,"Valor Total 1º Aditivo",{"$f":"SUM(K14:K119)","v":{"v":7614.04288,"d":"R$ 7,614.04"}},"Valor Total Consolidado",{"$f":"SUM(M14:M119)","v":{"v":100614.04353176805,"d":"R$ 100,614.04"}},{"$f":"SUM(O14:O119)","v":{"v":100614.04353176805,"d":"R$ 100,614.04"}}]

{"sheet":"Contrato 0142021","index":2,"n_rows":88,"n_cols":10,"rows_kept":88,"merged":[[0,0,1,9],[2,0,2,4],[2,5,2,9],[3,0,3,4],[3,5,3,9],[4,0,4,2],[5,0,6,3],[5,4,6,7],[5,8,6,8],[5,9,6,9],[7,0,7,2],[7,4,7,6],[7,8,7,9],[8,0,8,2],[8,4,8,6],[8,8,8,9],[9,0,9,9],[13,0,13,5],[20,0,20,5],[21,3,21,9],[31,0,31,5],[32,3,32,9],[43,0,43,5],[44,3,44,9],[49,0,49,5],[50,3,50,9],[54,0,54,5],[55,3,55,9],[70,0,70,5],[84,0,84,5],[85,0,87,3],[85,4,85,6],[86,4,86,6],[87,4,87,6],[88,6,88,7],[89,6,89,7],[90,6,90,7]]}
["Planilha de execução"]
[]
["Contratante",{"$nulls":4},"Contratada"]
["ASSEMBLÉIA LEGISLATIVA DO ESTADO DE RONDÔNIA ",{"$nulls":4},"VISÃO EMPRESARIAL LTDA - ME"]
["Objeto ",{"$nulls":3},"Localização",{"$nulls":3},"Início da obra","Término"]
["CONTRATAÇÃO DE EMPRESA ESPECIALIZADA EM SERVIÇOS DE REFORMAS E ADEQUAÇÕES PARA INSTALAÇÃO DE SISTEMA DE INSPENÇÃO E SEGURANÇA NAS RECEPÇÕES , DA SEDE DESTA ALE, EM PORTO VELHO",{"$nulls":3},"AV. FARQUAR, 2662 - OLARIA - PORTO VELHO / RO - CEP 76.801-911 ",{"$nulls":3},"2021-05-18","2021-11-26"]
[]
["Nº Contrato ",null,null,"Nº Processo ","Valor do contrato - R$",null,null,"Valor Aditivo executado - R$","Valor total executado - R$"]
["014/2021",null,null,"03810/2020",{"v":213999.999375,"d":"R$ 214,000.00"},null,null,{"v":44128.54,"d":"R$ 44,128.54"},{"v":258128.54,"d":"R$ 258,128.54"}]
["FÍSICO - FINANCEIRO"]
["ITEM","CONTRATO","CÓDIGO","DESCRIÇÃO","UNID","QUANT.","VALOR\nUITÁRIO","VALOR TOTAL","EXECUTADO ACUMULADO (%)","EXECUTADO ACUMULADO (R$)"]
["1.0",null,null,"ADMINISTRAÇÃO E CONTROLE"]
["1.1","PRINCIPAL ","COMP. 01","ADMINISTRAÇÃO E CONTROLE","MÊS",{"v":3,"d":"3.00"},{"v":11748.88,"d":"R$ 11,748.88"},{"v":35246.64,"d":"R$ 35,246.64"},{"v":1,"d":"100%"},{"v":35246.64,"d":"R$ 35,246.64"}]
[{"$nulls":6},"TOTAL 1.0",{"v":35246.64,"d":"35,246.64"},null,{"v":35246.64,"d":"35,246.64"}]
["2.0",null,null,"SERVIÇOS PRELIMINARES"]
["2.1","PRINCIPAL ",97622,"DEMOLIÇÃO DE ALVENARIA DE BLOCO FURADO, DE FORMA MANUAL, SEM\nREAPROVEITAMENTO. AF_12/2017","M3",1.48,{"v":44.12,"d":"R$ 44.12"},{"v":65.3,"d":"R$ 65.30"},{"v":1,"d":"100%"},{"v":65.3,"d":"R$ 65.30"}]
["2.2","PRINCIPAL ",97645,"REMOÇÃO DE JANELAS, DE FORMA MANUAL, SEM REAPROVEITAMENTO. AF_12/2017","M2",{"v":12.6,"d":"12.60"},{"v":24.65,"d":"R$ 24.65"},{"v":310.59,"d":"R$ 310.59"},{"v":1,"d":"100%"},{"v":310.59,"d":"R$ 310.59"}]
["2.3","PRINCIPAL ",98459,"TAPUME COM TELHA METÁLICA. AF_05/2018","M2",46.56,{"v":73.54,"d":"R$ 73.54"},{"v":3424.02,"d":"R$ 3,424.02"},{"v":1,"d":"100%"},{"v":3424.02,"d":"R$ 3,424.02"}]
["2.4","PRINCIPAL ","COMP. 02","PROJETO EXECUTIVO DEVIDAMENTE REGISTRADO NO CREA/CAU","UNID",{"v":1,"d":"1.00"},{"v":7553,"d":"R$ 7,553.00"},{"v":7553,"d":"R$ 7,553.00"},{"v":1,"d":"100%"},{"v":7553,"d":"R$ 7,553.00"}]
["2.5","ADITIVO",97063,"MONTAGEM E DESMONTAGEM DE ANDAIME MODULAR FACHADEIRO, COM PISO METÁLICO, PARA EDIFICAÇÕES COM MÚLTIPLOS PAVIMENTOS (EXCLUSIVE ANDAIME E LIMPEZA). AF_11/2017","M²",{"v":100,"d":"100.00"},{"v":8.77,"d":"R$ 8.77"},{"v":877,"d":"R$ 877.00"},{"v":1,"d":"100%"},{"v":877,"d":"R$ 877.00"}]
[{"$nulls":6},"TOTAL 2.0",{"v":11352.91,"d":"11,352.91"},null,{"v":12229.91,"d":"12,229.91"}]
["3.0",null,null,"ENTRADA AV. CALAMA"]
["3.1","PRINCIPAL ","COTAÇÃO","FORNECIMENTO E INSTALAÇÃO DE PAINEL (5,25 X 3,25) EM MÓDULOS FIXOS DE ALUMINIO , COM PORTA DESLIZANTE (3,00 X 2,10 M), DUAS FOLHAS FIXAS E DUAS FOLHAS MÓVEIS, COM SISTEMA DE ABERTURA AUTOMÁTICA PARA PORTA CAIXILHADA (DORMA, MANUSA, PPA OU EQUIVALENTE), INCLUINDO VIDROS LAMINADOS (5+5) NO ESTILO PELE DE VIDRO REFLETIVA, INCLUINDO ESTRUTURAS AUXILIARES DE SUSTENTAÇÃO.","UNID",{"v":1,"d":"1.00"},{"v":17473.08,"d":"R$ 17,473.08"},{"v":17473.08,"d":"R$ 17,473.08"},{"v":1,"d":"100%"},{"v":17473.08,"d":"R$ 17,473.08"}]
["3.2","PRINCIPAL ","COTAÇÃO","FORNECIMENTO E INSTALAÇÃO DE PAINEL EM VIDRO FIXO CRISTAL INCOLOR TEMPERADO (3,80 X 2,1M), COM PORTA (0,90 X 2,10 M) DE ABRIR 1 FOLHA E BARRA ANTIPÂNICO, INCLUINDO ESTRUTURAS  DE SUSTENTAÇÃO ALUMÍNIO NA COR PRETO.","UNID",{"v":1,"d":"1.00"},{"v":7733.88,"d":"R$ 7,733.88"},{"v":7733.88,"d":"R$ 7,733.88"},{"v":1,"d":"100%"},{"v":7733.88,"d":"R$ 7,733.88"}]
["3.3","ADITIVO",96113,"FORRO EM PLACAS DE GESSO, PARA AMBIENTES COMERCIAIS. AF_05/2017_P","M²",11.64,{"v":28.49,"d":"R$ 28.49"},{"v":331.6236,"d":"R$ 331.62"},{"v":1,"d":"100%"},{"v":331.6236,"d":"R$ 331.62"}]
["3.4","ADITIVO",97641,"REMOÇÃO DE FORRO DE GESSO, DE FORMA MANUAL, SEM REAPROVEITAMENTO. AF_12/2017","M²",11.64,{"v":28.49,"d":"R$ 28.49"},{"v":331.6236,"d":"R$ 331.62"},{"v":1,"d":"100%"},{"v":331.62,"d":"R$ 331.62"}]
["3.5","ADITIVO",89283,"ALVENARIA ESTRUTURAL DE BLOCOS CERÂMICOS 14X19X39, (ESPESSURA DE 14 CM), PARA PAREDES COM ÁREA LÍQUIDA MENOR QUE 6M², SEM VÃOS, UTILIZANDO PALHETA E ARGAMASSA DE ASSENTAMENTO COM PREPARO MANUAL. AF_12/2014","M²",{"v":1.5,"d":"1.50"},{"v":59.4,"d":"R$ 59.40"},{"v":89.1,"d":"R$ 89.10"},{"v":1,"d":"100%"},{"v":89.1,"d":"R$ 89.10"}]
["3.6","ADITIVO",98689,"SOLEIRA EM GRANITO, LARGURA 15 CM, ESPESSURA 2,0 CM. AF_09/2020","M",1.58,{"v":88.96,"d":"R$ 88.96"},{"v":140.5568,"d":"R$ 140.56"},{"v":1,"d":"100%"},{"v":140.5568,"d":"R$ 140.56"}]
["3.7","ADITIVO","COMP. 01","REVESTIMENTO DO TIPO ACM (ALUMINIO COMPOSTO)","M²",{"v":5,"d":"5.00"},{"v":465.8,"d":"R$ 465.80"},{"v":2329,"d":"R$ 2,329.00"},{"v":1,"d":"100%"},{"v":2329,"d":"R$ 2,329.00"}]
["3.8","ADITIVO","COMP. 02","REVESTIMENTO DO TIPO ACM (ALUMINIO COMPOSTO) - REMOÇÃO E INSTALAÇAO","M²",{"v":30,"d":"30.00"},{"v":41.53,"d":"R$ 41.53"},{"v":1245.9,"d":"R$ 1,245.90"},{"v":1,"d":"100%"},{"v":1245.9,"d":"R$ 1,245.90"}]
["3.9","ADITIVO",99837,"GUARDA-CORPO DE AÇO GALVANIZADO DE 1,10M, MONTANTES TUBULARES DE 1.1/4 \" ESPAÇADOS DE 1,20M, TRAVESSA SUPERIOR DE 1.1/2\", GRADIL FORMADO POR TUBOS HORIZONTAIS DE 1\" E VERTICAIS DE 3/4\", FIXADO COM CHUMBADOR MECÂNICO. AF_04/2019_P","M",{"v":1,"d":"1.00"},{"v":504.14,"d":"R$ 504.14"},{"v":504.14,"d":"R$ 504.14"},{"v":1,"d":"100%"},{"v":504.14,"d":"R$ 504.14"}]
[{"$nulls":6},"TOTAL 3.0",{"v":25206.960000000003,"d":"25,206.96"},null,{"v":30178.9,"d":"30,178.90"}]
["4.0",null,null,"ENTRADA AV. JOSÉ CAMACHO"]
["4.1","PRINCIPAL ","COTAÇÃO","FORNECIMENTO E INSTALAÇÃO DE PAINEL (5,25 X 3,25) EM MÓDULOS FIXOS DE ALUMINIO , COM PORTA DESLIZANTE (3,00 X 2,10 M), DUAS FOLHAS FIXAS E DUAS FOLHAS MÓVEIS,  COM SISTEMA DE ABERTURA AUTOMÁTICA PARA PORTA CAIXILHADA (DORMA, MANUSA, PPA OU EQUIVALENTE), INCLUINDO VIDROS LAMINADOS (5+5) NO ESTILO PELE DE VIDRO REFLETIVA, INCLUINDO ESTRUTURAS AUXILIARES DE SUSTENTAÇÃO.","UNID",{"v":1,"d":"1.00"},{"v":16412.85,"d":"R$ 16,412.85"},{"v":16412.85,"d":"R$ 16,412.85"},{"v":1,"d":"100%"},{"v":16412.85,"d":"R$ 16,412.85"}]
["4.2","PRINCIPAL ","COTAÇÃO","FORNECIMENTO E INSTALAÇÃO DE PAINEL EM VIDRO FIXO CRISTAL INCOLOR\nTEMPERADO (3,25 X 2,1M), INCLUINDO ESTRUTURAS  DE SUSTENTAÇÃO ALUMÍNIO NA COR PRETO.","UNID",{"v":1,"d":"1.00"},{"v":5580,"d":"R$ 5,580.00"},{"v":5580,"d":"R$ 5,580.00"},{"v":1,"d":"100%"},{"v":5580,"d":"R$ 5,580.00"}]
["4.3","PRINCIPAL ","COMP. 03","PORTA EM VIDRO (1,5 X 2,10 M), DUAS FOLHAS, COM BARRA ANTIPANICO","UNID",{"v":1,"d":"1.00"},{"v":3157.68,"d":"R$ 3,157.68"},{"v":3157.68,"d":"R$ 3,157.68"},{"v":1,"d":"100%"},{"v":3157.68,"d":"R$ 3,157.68"}]
["4.4","PRINCIPAL ",93185,"VERGA PRÉ-MOLDADA PARA PORTAS COM MAIS DE 1,5 M DE VÃO. AF_03/2016","M",{"v":2.2,"d":"2.20"},{"v":40.95,"d":"R$ 40.95"},{"v":90.09,"d":"R$ 90.09"},{"v":1,"d":"100%"},{"v":90.09,"d":"R$ 90.09"}]
["4.5","ADITIVO",96113,"FORRO EM PLACAS DE GESSO, PARA AMBIENTES COMERCIAIS. AF_05/2017_P","M²",9.51,{"v":28.49,"d":"R$ 28.49"},{"v":270.93989999999997,"d":"R$ 270.94"},{"v":1,"d":"100%"},{"v":270.93989999999997,"d":"R$ 270.94"}]
["4.6","ADITIVO",97641,"REMOÇÃO DE FORRO DE GESSO, DE FORMA MANUAL, SEM REAPROVEITAMENTO. AF_12/2017","M²",9.51,{"v":28.49,"d":"R$ 28.49"},{"v":270.93989999999997,"d":"R$ 270.94"},{"v":1,"d":"100%"},{"v":270.93989999999997,"d":"R$ 270.94"}]
["4.7","ADITIVO",98689,"SOLEIRA EM GRANITO, LARGURA 15 CM, ESPESSURA 2,0 CM. AF_09/2020","M",0.68,{"v":88.96,"d":"R$ 88.96"},{"v":60.4928,"d":"R$ 60.49"},{"v":1,"d":"100%"},{"v":60.49,"d":"R$ 60.49"}]
["4.8","ADITIVO","COMP. 03","REVESTIMENTO DO TIPO ACM (ALUMINIO COMPOSTO)","M²",{"v":5,"d":"5.00"},{"v":465.8,"d":"R$ 465.80"},{"v":2329,"d":"R$ 2,329.00"},{"v":1,"d":"100%"},{"v":2329,"d":"R$ 2,329.00"}]
["4.9","ADITIVO","COMP. 04","REVESTIMENTO DO TIPO ACM (ALUMINIO COMPOSTO) - REMOÇÃO E INSTALAÇAO","M²",{"v":30,"d":"30.00"},{"v":41.53,"d":"R$ 41.53"},{"v":1245.9,"d":"R$ 1,245.90"},{"v":1,"d":"100%"},{"v":1245.9,"d":"R$ 1,245.90"}]
["4.10","ADITIVO",99837,"GUARDA-CORPO DE AÇO GALVANIZADO DE 1,10M, MONTANTES TUBULARES DE 1.1/4 \" ESPAÇADOS DE 1,20M, TRAVESSA SUPERIOR DE 1.1/2\", GRADIL FORMADO POR TUBOS HORIZONTAIS DE 1\" E VERTICAIS DE 3/4\", FIXADO COM CHUMBADOR MECÂNICO. AF_04/2019_P","M",{"v":1,"d":"1.00"},{"v":504.14,"d":"R$ 504.14"},{"v":504.14,"d":"R$ 504.14"},{"v":1,"d":"100%"},{"v":504.14,"d":"R$ 504.14"}]
[{"$nulls":6},"TOTAL 4.0",{"v":25240.62,"d":"25,240.62"},null,{"v":29922.03,"d":"29,922.03"}]
["5.0",null,null,"ENTRADA ESTACIONAMENTO TÉRREO"]
["5.1","PRINCIPAL ","COTAÇÃO","FORNECIMENTO E INSTALAÇÃO DE PAINEL EM VIDRO FIXO CRISTAL INCOLOR TEMPERADO (5,20 X 2,94 M), COM UMA PORTA (0,90 X 2,10 M) DE ABRIR 1 FOLHA E UMA PORTA DE ABRIR COM DUAS FOLHAS (2,0 X 2,10 M) E BARRAS ANTIPÂNICO, INCLUINDO ESTRUTURAS  DE SUSTENTAÇÃO ALUMÍNIO NA COR PRETO.","UNID",{"v":1,"d":"1.00"},{"v":13700.26,"d":"R$ 13,700.26"},{"v":13700.26,"d":"R$ 13,700.26"},{"v":1,"d":"100%"},{"v":13700.26,"d":"R$ 13,700.26"}]
["5.2","ADITIVO",89993," GRAUTEAMENTO VERTICAL EM ALVENARIA ESTRUTURAL. AF_01/2015 ","M3 ",0.5,{"v":848.91,"d":"R$ 848.91"},{"v":424.455,"d":"R$ 424.46"},{"v":1,"d":"100%"},{"v":424.455,"d":"R$ 424.46"}]
["5.3","ADITIVO",94964,"CONCRETO FCK = 20MPA, TRAÇO 1:2,7:3 (CIMENTO/ AREIA MÉDIA/ BRITA 1)  - PREPARO MECÂNICO COM BETONEIRA 400 L. AF_07/2016","M3 ",0.2,{"v":470.82,"d":"R$ 470.82"},{"v":94.164,"d":"R$ 94.16"},{"v":1,"d":"100%"},{"v":94.16,"d":"R$ 94.16"}]
["5.4","ADITIVO","COMP.","SICADUR 32","M3 ",0.26,{"v":897.14,"d":"R$ 897.14"},{"v":233.2564,"d":"R$ 233.26"},{"v":1,"d":"100%"},{"v":233.2564,"d":"R$ 233.26"}]
[{"$nulls":6},"TOTAL 5.0",{"v":13700.26,"d":"13,700.26"},null,{"v":14452.135400000001,"d":"14,452.14"}]
["6.0",null,null,"COBERTURA METÁLICA ATIRANTADA"]
["6.1","PRINCIPAL ","COTAÇÃO","CONFECÇÃO E ANCORAGEM DE COBERTURA EM ESTRUTURA METÁLICA E VIDRO\nTEMPERADO LAMINADO (8,35 X 3,20M).","UNID",{"v":2,"d":"2.00"},{"v":27900.01,"d":"R$ 27,900.01"},{"v":55800.02,"d":"R$ 55,800.02"},{"v":1,"d":"100%"},{"v":55800.02,"d":"R$ 55,800.02"}]
["6.2","ADITIVO","COMP. ","VIGA METÁLICA EM PERFIL LAMINADO OU SOLDADO EM AÇO ESTRUTURAL, COM CONEXÕES SOLDADAS, INCLUSOS MÃO DE OBRA, TRANSPORTE E IÇAMENTO UTILIZANDO GUINDASTE - FORNECIMENTO E INSTALAÇÃO. ","M2",{"v":2,"d":"2.00"},{"v":1607.32,"d":"R$ 1,607.32"},{"v":3214.64,"d":"R$ 3,214.64"},{"v":1,"d":"100%"},{"v":3214.64,"d":"R$ 3,214.64"}]
["6.3","ADITIVO","COMP.","PILAR METÁLICO PERFIL LAMINADO OU SOLDADO EM AÇO ESTRUTURAL, COM CONEXÕES SOLDADAS, INCLUSOS MÃO DE OBRA, TRANSPORTE E IÇAMENTO UTILIZANDO GUINDASTE - FORNECIMENTO E INSTALAÇÃO","M2",{"v":6,"d":"6.00"},{"v":856,"d":"R$ 856.00"},{"v":5136,"d":"R$ 5,136.00"},{"v":1,"d":"100%"},{"v":5136,"d":"R$ 5,136.00"}]
[{"$nulls":6},"TOTAL 6.0",{"v":55800.02,"d":"55,800.02"},null,{"v":64150.659999999996,"d":"64,150.66"}]
["7.0",null,null,"INSTALAÇÃO ELÉTRICA E DE LÓGICA"]
["7.1","PRINCIPAL ",91926,"CABO DE COBRE FLEXÍVEL ISOLADO, 2,5 MM², ANTI-CHAMA 450/750 V, PARA\nCIRCUITOS TERMINAIS - FORNECIMENTO E INSTALAÇÃO. AF_12/2015","M",{"v":250,"d":"250.00"},{"v":3.07,"d":"R$ 3.07"},{"v":767.5,"d":"R$ 767.50"},{"v":1,"d":"100%"},{"v":767.5,"d":"R$ 767.50"}]
["7.2","PRINCIPAL ",93661,"DISJUNTOR BIPOLAR TIPO DIN, CORRENTE NOMINAL DE 16A - FORNECIMENTO E\nINSTALAÇÃO. AF_10/2020","UN",{"v":3,"d":"3.00"},{"v":45.26,"d":"R$ 45.26"},{"v":135.78,"d":"R$ 135.78"},{"v":1,"d":"100%"},{"v":135.78,"d":"R$ 135.78"}]
["7.3","PRINCIPAL ","COMP. 04","DISPOSITIVO DISJUNTOR RESIDUAL - FORNECIMENTO E INSTALAÇÃO.","UN",{"v":3,"d":"3.00"},{"v":126.5,"d":"R$ 126.50"},{"v":379.5,"d":"R$ 379.50"},{"v":1,"d":"100%"},{"v":379.5,"d":"R$ 379.50"}]
["7.4","PRINCIPAL ",90447,"RASGO EM ALVENARIA PARA ELETRODUTOS COM DIAMETROS MENORES OU IGUAIS A 40 MM. AF_05/2015","M",{"v":6.6,"d":"6.60"},{"v":5.36,"d":"R$ 5.36"},{"v":35.38,"d":"R$ 35.38"},{"v":1,"d":"100%"},{"v":35.38,"d":"R$ 35.38"}]
["7.5","PRINCIPAL ",90466,"CHUMBAMENTO LINEAR EM ALVENARIA PARA RAMAIS/DISTRIBUIÇÃO COM\nDIÂMETROS MENORES OU IGUAIS A 40 MM. AF_05/2015","M",{"v":6.6,"d":"6.60"},{"v":10.28,"d":"R$ 10.28"},{"v":67.85,"d":"R$ 67.85"},{"v":1,"d":"100%"},{"v":67.85,"d":"R$ 67.85"}]
["7.6","PRINCIPAL ",90456,"QUEBRA EM ALVENARIA PARA INSTALAÇÃO DE CAIXA DE TOMADA (4X4 OU 4X2).\nAF_05/2015","UN",{"v":3,"d":"3.00"},{"v":3.2,"d":"R$ 3.20"},{"v":9.6,"d":"R$ 9.60"},{"v":1,"d":"100%"},{"v":9.6,"d":"R$ 9.60"}]
["7.7","PRINCIPAL ",91940,"CAIXA RETANGULAR 4\" X 2\" MÉDIA (1,30 M DO PISO), PVC, INSTALADA EM PAREDE -\nFORNECIMENTO E INSTALAÇÃO. AF_12/2015","UN",{"v":3,"d":"3.00"},{"v":11.84,"d":"R$ 11.84"},{"v":35.52,"d":"R$ 35.52"},{"v":1,"d":"100%"},{"v":35.52,"d":"R$ 35.52"}]
["7.8","PRINCIPAL ",92004,"TOMADA MÉDIA DE EMBUTIR (2 MÓDULOS), 2P+T 10 A, INCLUINDO SUPORTE E PLACA - FORNECIMENTO E INSTALAÇÃO. AF_12/2015","UN",{"v":3,"d":"3.00"},{"v":40.05,"d":"R$ 40.05"},{"v":120.15,"d":"R$ 120.15"},{"v":1,"d":"100%"},{"v":120.15,"d":"R$ 120.15"}]
["7.9","ADITIVO",91926,"CABO DE COBRE FLEXÍVEL ISOLADO, 2,5 MM², ANTI-CHAMA 450/750 V, PARA CIRCUITOS TERMINAIS - FORNECIMENTO E INSTALAÇÃO. AF_12/2015","M",{"v":2400,"d":"2,400.00"},{"v":2.77,"d":"R$ 2.77"},{"v":6648,"d":"R$ 6,648.00"},{"v":1,"d":"100%"},{"v":6648,"d":"R$ 6,648.00"}]
["7.10","ADITIVO",93661,"DISJUNTOR BIPOLAR TIPO DIN, CORRENTE NOMINAL DE 16A - FORNECIMENTO E INSTALAÇÃO. AF_04/2016","UN",{"v":5,"d":"5.00"},{"v":45.64,"d":"R$ 45.64"},{"v":228.2,"d":"R$ 228.20"},{"v":1,"d":"100%"},{"v":228.2,"d":"R$ 228.20"}]
["7.11","ADITIVO","COMP. 05","DISPOSITIVO DISJUNTOR RESIDUAL - FORNECIMENTO E INSTALAÇÃO. ","UN",{"v":5,"d":"5.00"},{"v":112.61,"d":"R$ 112.61"},{"v":563.05,"d":"R$ 563.05"},{"v":1,"d":"100%"},{"v":563.05,"d":"R$ 563.05"}]
["7.12","ADITIVO",91940,"CAIXA RETANGULAR 4\" X 2\" MÉDIA (1,30 M DO PISO), PVC, INSTALADA EM PAREDE - FORNECIMENTO E INSTALAÇÃO. AF_12/2015","UN",{"v":5,"d":"5.00"},{"v":11.84,"d":"R$ 11.84"},{"v":59.2,"d":"R$ 59.20"},{"v":1,"d":"100%"},{"v":59.2,"d":"R$ 59.20"}]
["7.13","ADITIVO",92004,"TOMADA MÉDIA DE EMBUTIR (2 MÓDULOS), 2P+T 10 A, INCLUINDO SUPORTE E PLACA -FORNECIMENTO E INSTALAÇÃO. AF_12/2015","UN",{"v":5,"d":"5.00"},{"v":40.05,"d":"R$ 40.05"},{"v":200.25,"d":"R$ 200.25"},{"v":1,"d":"100%"},{"v":200.25,"d":"R$ 200.25"}]
["7.14","ADITIVO",91835,"ELETRODUTO FLEXÍVEL CORRUGADO REFORÇADO, PVC, DN 25 MM (3/4\"), PARA CIRCUITOS TERMINAIS, INSTALADO EM FORRO - FORNECIMENTO E INSTALAÇÃO. AF_12/2015","M",{"v":18,"d":"18.00"},{"v":8.7,"d":"R$ 8.70"},{"v":156.6,"d":"R$ 156.60"},{"v":1,"d":"100%"},{"v":156.6,"d":"R$ 156.60"}]
[{"$nulls":6},"TOTAL 7.0",{"v":1551.28,"d":"1,551.28"},null,{"v":9406.580000000002,"d":"9,406.58"}]
["8.0",null,null,"SERVIÇOS FINAIS"]
["8.1","PRINCIPAL ",99811,"LIMPEZA DE CONTRAPISO COM VASSOURA A SECO. AF_04/2019","M2",3.22,{"v":2.8,"d":"R$ 2.80"},{"v":9.02,"d":"R$ 9.02"},{"v":1,"d":"100%"},{"v":9.02,"d":"R$ 9.02"}]
["8.2","PRINCIPAL ",87634,"CONTRAPISO EM ARGAMASSA PRONTA, PREPARO MANUAL, APLICADO EM ÁREAS SECAS SOBRE LAJE, ADERIDO, ESPESSURA 3CM. AF_06/2014","M2",3.22,{"v":83.62,"d":"R$ 83.62"},{"v":269.26,"d":"R$ 269.26"},{"v":1,"d":"100%"},{"v":269.26,"d":"R$ 269.26"}]
["8.3","PRINCIPAL ",98671,"PISO EM GRANITO APLICADO EM AMBIENTES INTERNOS. AF_09/2020","M2",3.22,{"v":294.05,"d":"R$ 294.05"},{"v":946.84,"d":"R$ 946.84"},{"v":1,"d":"100%"},{"v":946.84,"d":"R$ 946.84"}]
["8.4","PRINCIPAL ",88487,"APLICAÇÃO MANUAL DE PINTURA COM TINTA LÁTEX PVA EM PAREDES, DUAS DEMÃOS. AF_06/2014","M2",16.71,{"v":10.84,"d":"R$ 10.84"},{"v":181.14,"d":"R$ 181.14"},{"v":1,"d":"100%"},{"v":181.14,"d":"R$ 181.14"}]
["8.1","ADITIVO",72125,"REMOÇÃO DE PINTURA PVA/ACRILICA","M2",20.87,{"v":8.13,"d":"R$ 8.13"},{"v":169.67310000000003,"d":"R$ 169.67"},{"v":1,"d":"100%"},{"v":169.67,"d":"R$ 169.67"}]
["8.2","ADITIVO",88497,"APLICAÇÃO E LIXAMENTO DE MASSA LÁTEX EM PAREDES, DUAS DEMÃOS. AF_06/2014 QUATRO DEMÃOS","M2",222.56,{"v":11.87,"d":"R$ 11.87"},{"v":2641.7871999999998,"d":"R$ 2,641.79"},{"v":1,"d":"100%"},{"v":2641.7871999999998,"d":"R$ 2,641.79"}]
["8.3","ADITIVO",88485,"APLICAÇÃO DE FUNDO SELADOR ACRÍLICO EM PAREDES, UMA DEMÃO. AF_06/2014","M2",55.64,{"v":1.98,"d":"R$ 1.98"},{"v":110.1672,"d":"R$ 110.17"},{"v":1,"d":"100%"},{"v":110.1672,"d":"R$ 110.17"}]
["8.4","ADITIVO",88487,"APLICAÇÃO MANUAL DE PINTURA COM TINTA LÁTEX PVA EM PAREDES, DUAS DEMÃOS.AF_06/2014 (QUATRO DEMÃOS)","M2",111.28,{"v":10.84,"d":"R$ 10.84"},{"v":1206.2752,"d":"R$ 1,206.28"},{"v":1,"d":"100%"},{"v":1206.2752,"d":"R$ 1,206.28"}]
["8.5","ADITIVO",88496,"APLICAÇÃO E LIXAMENTO DE MASSA LÁTEX EM TETO, DUAS DEMÃOS. AF_06/2014","M2",21.15,{"v":22.11,"d":"R$ 22.11"},{"v":467.62649999999996,"d":"R$ 467.63"},{"v":1,"d":"100%"},{"v":467.62649999999996,"d":"R$ 467.63"}]
["8.6","ADITIVO",88488,"APLICAÇÃO MANUAL DE PINTURA COM TINTA LÁTEX ACRÍLICA EM TETO, DUAS DEMÃOS. AF_06/2014","M2",21.15,{"v":13.93,"d":"R$ 13.93"},{"v":294.61949999999996,"d":"R$ 294.62"},{"v":1,"d":"100%"},{"v":294.61,"d":"R$ 294.61"}]
["8.7","ADITIVO","COT","CAÇAMBA PARA ENTULHO","UN",{"v":1,"d":"1.00"},{"v":175,"d":"R$ 175.00"},{"v":175,"d":"R$ 175.00"},{"v":1,"d":"100%"},{"v":175,"d":"R$ 175.00"}]
["8.8","ADITIVO","COT","MOBILIZAÇÃO RAIO-X","UN",{"v":1,"d":"1.00"},{"v":2400,"d":"R$ 2,400.00"},{"v":2400,"d":"R$ 2,400.00"},{"v":1,"d":"100%"},{"v":2400,"d":"R$ 2,400.00"}]
[{"$nulls":6},"TOTAL 8.0",{"v":1406.2599999999998,"d":"1,406.26"},null,{"$f":"SUM(J73:J84)","v":{"v":8871.396099999998,"d":"8,871.40"}}]
[{"$nulls":4},"VALOR TOTAL SEM B.D.I",null,null,{"v":169504.95,"d":"169,504.95"},"VALOR TOTAL SEM B.D.I",{"$f":"SUM(J85,J71,J55,J50,J44,J32,J21,J14)","v":{"v":204458.2515,"d":"204,458.25"}}]
[{"$nulls":4},"B.D.I -  26,25 %",null,null,{"v":44495.049375,"d":"44,495.05"},"B.D.I -  26,25 %",{"$f":"J86*0.2625","v":{"v":53670.29101875001,"d":"53,670.29"}}]
[{"$nulls":4},"VALOR TOTAL COM B.D.I",null,null,{"v":213999.999375,"d":"214,000.00"},"VALOR TOTAL COM B.D.I",{"$f":"J87+J86","v":{"v":258128.54251875,"d":"258,128.54"}}]

{"sheet":"Contrato 0172022","index":3,"n_rows":42,"n_cols":18,"rows_kept":42,"merged":[[0,0,0,1],[0,11,1,13],[0,14,0,15],[0,16,0,17],[1,0,1,1],[1,14,1,15],[1,16,1,17],[2,11,2,13],[2,14,2,15],[2,16,2,17],[3,11,4,12],[3,13,4,13],[3,14,3,15],[3,16,3,17],[4,0,4,1],[4,14,4,15],[4,16,4,17],[5,0,5,17],[6,0,7,0],[6,1,7,1],[6,2,7,2],[6,3,7,3],[6,4,7,4],[6,5,6,7],[6,8,6,10],[11,3,11,7],[15,3,15,7],[22,3,22,7],[33,3,33,7],[37,3,37,7],[38,11,38,15],[39,11,39,15],[40,11,41,15],[40,16,41,16]]}
["EMPREENDIMENTO",null,"ASSEMBLÉIA LEGISLATIVA DO ESTADO DE RONDÔNIA ",{"$nulls":8},"EMISSÃO",null,null,"CONTRATO",null,"N° 017/2022/ALE/RO"]
["ENDEREÇO",null,"AV. FARQUAR, 2662 - OLARIA - PORTO VELHO / RO - CEP 76.801-911 ",{"$nulls":11},"PROCESSO",null,"03810/2020"]
["OBJETO",null,"Contratação de Empresa Especializada em Serviços de Engenharia para Revitalização do Piso em Pintura Epóxi de Alta Resistencia dos Estacionamentos do Subsolo e Térreo da ALE/RO, .",{"$nulls":8},"INICIAL",null,null,"INÍCIO DA OBRA",null,"Nº 23078/2022"]
["CONTRATADA",null,"MEKA ENGENHARIA LTDA ",{"$nulls":8},"VALOR DO CONTRATO",null,{"$f":"K41","v":{"v":4256760.18,"d":"R$ 4,256,760.18"}},"PERÍODO REFERÊNCIA",null,"ABRIL/MAIO"]
["FISCAL CONTRATO",null,"JONATAN DIAS / BEATRIZ CAMPOS. ",{"$nulls":11},"BOLETIM DE MEDIÇÃO",null,"MED- 6ª"]
["BOLETIM DE MEDIÇÃO"]
["  ITEM","Cód. SINAPI","DISCRIMINAÇÃO DOS SERVIÇOS"," UNID.","QUANT.","CUSTO UNITARIOS",null,null,"CUSTOS PARCIAIS"]
[{"$nulls":5},"MAT/EQUIP","M.O","TOTAL","MAT","M.O","TOTAL"]
["1.0","SERT","SERVIÇOS TECNICOS",{"$nulls":6}," "," "]
["1.1","0008","Administração",{"$nulls":8},"QUANTIDADE EXECUTADO NO PERÍODO ","EXECUTADO ANTERIOR (%)","EXECUTADO NO PERÍODO (%)","EXECUTADO ACUMULADO (%)","EXECUTADO ANTERIOR (R$)","EXECUTADO NO PERÍODO (R$)","EXECUTADO ACUMULADO (R$)"]
["1.1.1","Composição 01","Administração e Controle da Obra","mês",{"$f":"'[1]M.C.O'!B19","v":{"v":8,"d":"8.00"}},{"$f":"'[1]C.C.U'!G27","v":{"v":0,"d":"0.00"}},{"$f":"'[1]C.C.U'!G22","v":{"v":21087.64,"d":"21,087.64"}},{"$f":"ROUND(F11+G11,2)","v":{"v":21087.64,"d":"21,087.64"}},{"$f":"ROUND(E11*F11,2)","v":0},{"$f":"ROUND(E11*G11,2)","v":{"v":168701.12,"d":"168,701.12"}},{"$f":"ROUND(E11*H11,2)","v":{"v":168701.12,"d":"168,701.12"}},{"v":4,"d":"4.00"},{"v":0.5,"d":"50.0000000%"},{"$f":"L11/E11","v":{"v":0.5,"d":"50.000000%"}},{"$f":"M11+N11","v":{"v":1,"d":"100.00%"}},{"$f":"M11*K11","v":{"v":84350.56,"d":"84,350.56"}},{"$f":"N11*K11","v":{"v":84350.56,"d":"84,350.56"}},{"$f":"P11+Q11","v":{"v":168701.12,"d":"168,701.12"}}]
[null,null,"TOTAL DE SERVIÇOS TECNICOS",{"$nulls":5},{"$f":"SUM(I9:I11)","v":0},{"v":168701.12,"d":"168,701.12"},{"v":168701.12,"d":"168,701.12"},{"$nulls":4},"TOTAL",{"$f":"Q11","v":{"v":84350.56,"d":"R$ 84,350.56"}},{"v":168701.12,"d":"R$ 168,701.12"}]
["2.0","SERP","SERVIÇOS PRELIMINARES"]
["2.1",null,"Placa de Obra"]
["2.1.1","Composição 02","Aquisição de Placa Pronta e Assentamento (4,00 x 2,00)m","m²",{"$f":"'[1]M.C.O'!F29","v":{"v":8,"d":"8.00"}},{"$f":"'[1]C.C.U'!G54+'[1]C.C.U'!G59","v":421.47},{"$f":"'[1]C.C.U'!G45","v":51.31},{"$f":"ROUND(F15+G15,2)","v":472.78},{"$f":"ROUND(E15*F15,2)","v":{"v":3371.76,"d":"3,371.76"}},{"$f":"ROUND(E15*G15,2)","v":410.48},{"$f":"ROUND(E15*H15,2)","v":{"v":3782.24,"d":"3,782.24"}},0,{"v":1,"d":"100.0000000%"},{"$f":"L15/E15","v":{"v":0,"d":"0.000000%"}},{"$f":"M15+N15","v":{"v":1,"d":"100.0000000%"}},{"$f":"M15*K15","v":{"v":3782.24,"d":"3,782.24"}},0,{"$f":"P15+Q15","v":{"v":3782.24,"d":"3,782.24"}}]
[null,null,"TOTAL DE SERVIÇOS PRELIMINARES",{"$nulls":5},{"$f":"SUM(I13:I15)","v":{"v":3371.76,"d":"3,371.76"}},{"$f":"SUM(J15)","v":410.48},{"$f":"SUM(K13:K15)","v":{"v":3782.24,"d":"3,782.24"}},{"$nulls":4},"TOTAL",{"$f":"Q15","v":0},{"v":3782.24,"d":"R$ 3,782.24"}]
["3.0","TRAT","TRATAMENTO DO PISO EM CONCRETO"]
["3.1",null,"Tratamento do Piso "]
["3.1.1","Composição 03","Frezamento Mecânico das Fissuras do Piso em Concreto","m",{"$f":"'[1]M.C.O'!C45","v":{"v":6852.332,"d":"6,852.33"}},{"$f":"'[1]C.C.U'!G77+'[1]C.C.U'!G82","v":{"v":25.700000000000003,"d":"25.70"}},{"$f":"'[1]C.C.U'!G71","v":{"v":22.5,"d":"22.50"}},{"$f":"ROUND(F19+G19,2)","v":{"v":48.2,"d":"48.20"}},{"v":176104.88,"d":"176,104.88"},{"v":154177.43,"d":"154,177.43"},{"$f":"I19+J19","v":{"v":330282.31,"d":"330,282.31"}},{"$f":"(1-(M19*1))*E19","v":{"v":336.33027062319985,"d":"336.33"}},{"v":0.9509174,"d":"95.0917400%"},{"$f":"L19/E19","v":{"v":0.049082599999999976,"d":"4.908260%"}},{"$f":"M19+N19","v":{"v":1,"d":"100.0000000%"}},{"$f":"M19*K19","v":{"v":314071.195491194,"d":"314,071.20"}},{"$f":"N19*K19","v":{"v":16211.114508805991,"d":"16,211.11"}},{"$f":"P19+Q19","v":{"v":330282.31,"d":"330,282.31"}}]
["3.1.2","Composição 04","Polimento por Abrasão do Frezamento do Piso em Concreto","m²",{"$f":"'[1]M.C.O'!C57","v":{"v":3426.166,"d":"3,426.17"}},{"$f":"'[1]C.C.U'!G100+'[1]C.C.U'!G105","v":5.22},{"$f":"'[1]C.C.U'!G95","v":9.44},14.66,{"v":17884.61,"d":"17,884.61"},{"v":32343.04,"d":"32,343.04"},{"v":50227.65,"d":"50,227.65"},{"v":168.1647926950001,"d":"168.16"},{"v":0.9509175,"d":"95.0917500%"},{"v":0.04908250000000003,"d":"4.908250%"},{"v":1,"d":"100.0000000%"},{"v":47762.351368875,"d":"47,762.35"},{"v":2465.2986311250015,"d":"2,465.30"},{"v":50227.65,"d":"50,227.65"}]
["3.1.3","Composição 05","Regularização de Piso em Concreto Desempenado com Graute e Cimento","m²",{"$f":"'[1]M.C.O'!C66","v":{"v":7918.932000000001,"d":"7,918.93"}},{"$f":"'[1]C.C.U'!G124+'[1]C.C.U'!G129","v":13.51},{"$f":"'[1]C.C.U'!G118","v":12.95},26.46,{"v":106984.88,"d":"106,984.88"},{"v":102550.27,"d":"102,550.27"},{"v":209535.15000000002,"d":"209,535.15"},{"v":0.007918932000227715,"d":"0.01"},{"v":0.999999,"d":"99.9999000%"},{"v":1.0000000000287557E-6,"d":"0.000100%"},{"v":1,"d":"100.0000000%"},{"v":209534.94046485002,"d":"209,534.94"},{"v":0.20953515000602535,"d":"0.21"},{"v":209535.15000000002,"d":"209,535.15"}]
["3.1.4","Composição 06","Lixamento de Piso em Concreto","m²",{"$f":"'[1]M.C.O'!C85","v":{"v":17135.688500000004,"d":"17,135.69"}},{"$f":"'[1]C.C.U'!G152+'[1]C.C.U'!G147","v":8.85},{"$f":"'[1]C.C.U'!G143","v":9.44},18.29,{"v":151650.95,"d":"151,650.95"},{"v":161761.01,"d":"161,761.01"},{"$f":"I22+J22-0.01","v":{"v":313411.95,"d":"313,411.95"}},{"v":841.0572900946996,"d":"841.06"},{"v":0.9509178,"d":"95.0917800%"},{"v":0.049082199999999965,"d":"4.908220%"},{"v":1,"d":"100.0000000%"},{"v":298029.00198771,"d":"298,029.00"},{"v":15382.94801228999,"d":"15,382.95"},{"v":313411.95,"d":"313,411.95"}]
[null,null,"TOTAL DO TRATAMENTO DO PISO EM CONCRETO",{"$nulls":5},{"$f":"SUM(I17:I22)","v":{"v":452625.32,"d":"452,625.32"}},{"$f":"SUM(J19:J22)","v":{"v":450831.75,"d":"450,831.75"}},{"$f":"SUM(K17:K22)","v":{"v":903457.06,"d":"903,457.06"}},{"$nulls":4},"TOTAL",{"$f":"SUM(Q19:Q22)","v":{"v":34059.570687370986,"d":"R$ 34,059.57"}},{"v":903457.06,"d":"R$ 903,457.06"}]
["4.0","PINT","PINTURAS",{"$nulls":7}," "]
["4.1",null,"Pintura de Piso em Concreto Polido com tinta Epóxi de Alta Resistência"]
["4.1.1","Composição 07","Aplicação de Primer com Fundo Epoxi - Componente (A) para Proteçao  de Trasinto com Endurecedor Ultra","m²",{"$f":"'[1]M.C.O'!C108","v":{"v":17135.688500000004,"d":"17,135.69"}},{"$f":"ROUND('[1]C.C.U'!G170+'[1]C.C.U'!G175,2)","v":9.15},{"$f":"'[1]C.C.U'!G165","v":7.32},{"$f":"ROUND(F26+G26,2)","v":16.47},{"v":156791.67,"d":"156,791.67"},{"v":125433.32,"d":"125,433.32"},{"$f":"I26+J26-0.01","v":{"v":282224.98,"d":"282,224.98"}},{"$f":"(1-(M26*1))*E26","v":{"v":964.1206641951508,"d":"964.12"}},{"v":0.9437361,"d":"94.3736100%"},{"$f":"L26/E26","v":{"v":0.05626390000000003,"d":"5.626390%"}},{"$f":"M26+N26","v":{"v":1,"d":"100.0000000%"}},{"$f":"M26*K26","v":{"v":266345.90194777795,"d":"266,345.90"}},{"$f":"N26*K26","v":{"v":15879.078052222008,"d":"15,879.08"}},{"$f":"P26+Q26","v":{"v":282224.98,"d":"282,224.98"}}]
["4.1.2","Composição 08","Aplicação da Membrana em Epóxi na Cor Cinza (1ª Camada de Pintura) em todo Piso de Concreto  com 2 (duas) Demão","m²",{"$f":"'[1]M.C.O'!C127","v":{"v":17135.688500000004,"d":"17,135.69"}},{"$f":"'[1]C.C.U'!G193+'[1]C.C.U'!G198","v":31.29},{"$f":"'[1]C.C.U'!G188","v":14.41},{"v":45.7,"d":"45.70"},{"v":536176.05,"d":"536,176.05"},{"v":246925.44,"d":"246,925.44"},{"$f":"I27+J27","v":{"v":783101.49,"d":"783,101.49"}},{"v":964.1210069089207,"d":"964.12"},{"v":0.94373608,"d":"94.3736080%"},{"v":0.05626392000000002,"d":"5.626392%"},{"v":1,"d":"100.0000000%"},{"v":739041.1304147592,"d":"739,041.13"},{"v":44060.35958524082,"d":"44,060.36"},{"v":783101.49,"d":"783,101.49"}]
["4.1.3","Composição 09","Aplicação Proteção Final em Epóxi na Cor Cinza (2ª Camada de Pintura) em todo Piso de Concreto com 2 (duas) Demão","m²",{"$f":"'[1]M.C.O'!C146","v":{"v":17135.688500000004,"d":"17,135.69"}},{"$f":"'[1]C.C.U'!G216+'[1]C.C.U'!G223","v":20.86},{"$f":"'[1]C.C.U'!G211","v":7.57},28.43,{"v":357450.7,"d":"357,450.70"},{"v":129717.25,"d":"129,717.25"},{"v":487167.95,"d":"487,167.95"},{"v":964.1206641951508,"d":"964.12"},{"v":0.9437361,"d":"94.3736100%"},{"v":0.05626390000000003,"d":"5.626390%"},{"v":1,"d":"100.0000000%"},{"$f":"M28*K28-0.01","v":{"v":459757.971177995,"d":"459,757.97"}},{"v":27409.968822005016,"d":"27,409.97"},{"v":487167.94,"d":"487,167.94"}]
["4.1.4","Composição 10","Aplicação Proteção Final em Epóxi na Cor Cinza Escuro com Endurecedor com Granulado Antiderrapante (3ª Camada) - 1 (uma) Demão nas pista de Acesso","m²",{"$f":"'[1]M.C.O'!C186","v":{"v":9310.098499999998,"d":"9,310.10"}},{"$f":"'[1]C.C.U'!G216","v":20.86},{"$f":"'[1]C.C.U'!G236","v":6.48},27.34,{"v":194209.31,"d":"194,209.31"},{"v":60329.64,"d":"60,329.64"},{"v":254538.95,"d":"254,538.95"},{"v":396.7703297942001,"d":"396.77"},{"v":0.9573828,"d":"95.7382800%"},{"v":0.04261720000000002,"d":"4.261720%"},{"v":1,"d":"100.0000000%"},{"$f":"M29*K29+0.01","v":{"v":243691.22266006,"d":"243,691.22"}},{"v":10847.737339940006,"d":"10,847.74"},{"v":254538.96000000002,"d":"254,538.96"}]
["4.1.5",102507,"Aplicação de Pintura de Demarcação de Vaga e Passarelas em Epóxi na Cor Amarela E = 10 cm","m",{"$f":"'[1]M.C.O'!C211","v":{"v":16680.399999999998,"d":"16,680.40"}},3.18,1.47,4.65,{"v":53043.682,"d":"53,043.68"},{"v":24520.19,"d":"24,520.19"},{"$f":"I30+J30-0.01","v":{"v":77563.86200000001,"d":"77,563.86"}},{"v":840.8400000000022,"d":"840.84"},{"v":0.9495911369031916,"d":"94.9591137%"},{"v":0.050408863096808365,"d":"5.040886%"},{"v":1,"d":"100.0000000%"},{"$f":"M30*K30-0.01","v":{"v":73653.94589918228,"d":"73,653.95"}},{"v":3909.9061008177373,"d":"3,909.91"},{"v":77563.85200000001,"d":"77,563.85"}]
["4.1.6","Composição 11","Aplicação em Epóxi na Cor Azul nos Simbolos das Vagas de Defientes e Idoso","m²",{"$f":"'[1]M.C.O'!C221","v":{"v":140.5712,"d":"140.57"}},{"$f":"'[1]C.C.U'!G264+'[1]C.C.U'!G271","v":20.86},{"$f":"'[1]C.C.U'!G259","v":7.57},28.43,{"v":2932.5,"d":"2,932.50"},{"v":1064.19,"d":"1,064.19"},{"$f":"I31+J31","v":{"v":3996.69,"d":"3,996.69"}},{"$f":"E31-(E31*M31)","v":{"v":8.434271999988141E-3,"d":"0.01"}},{"v":0.99994,"d":"99.9940000%"},{"v":5.9999999999915637E-5,"d":"0.006000%"},{"v":1,"d":"100.0000000%"},{"v":3996.4401986000003,"d":"3,996.44"},{"v":0.23980139999966282,"d":"0.24"},{"v":3996.68,"d":"3,996.68"}]
["4.1.7",102508,"Aplicação de Pintura de Faixa de Pedestre e Indicação de Fluxo em Epóxi na Cor Branca E = 30 cm","m",{"$f":"'[1]M.C.O'!C233","v":{"v":254.00000000000003,"d":"254.00"}},25.71,{"v":7.7,"d":"7.70"},33.41,{"v":6530.34,"d":"6,530.34"},{"v":1955.8,"d":"1,955.80"},{"v":8486.14,"d":"8,486.14"},0,{"v":1,"d":"100.0000000%"},{"v":0,"d":"0.000000%"},{"v":1,"d":"100.0000000%"},{"$f":"M32*K32","v":{"v":8486.14,"d":"8,486.14"}},0,{"v":8486.14,"d":"8,486.14"}]
["4.1.8","Composição 12","Aplicação de Pintura Incolor em Epoxi a base d´agua para Proteçao do Piso de Epoxi Contra Macha de Oleo, Agua e etc.","m²",{"$f":"'[1]M.C.O'!C252","v":{"v":17135.688500000004,"d":"17,135.69"}},{"$f":"'[1]C.C.U'!G289+'[1]C.C.U'!G294","v":9.57},{"$f":"'[1]C.C.U'!G284","v":8.29},17.86,{"v":163988.65,"d":"163,988.65"},{"v":142054.95,"d":"142,054.95"},{"v":306043.6,"d":"306,043.60"},{"$f":"(1-(M33*1))*E33","v":{"v":964.1206641951508,"d":"964.12"}},{"v":0.9437361,"d":"94.3736100%"},{"v":0.05626390000000003,"d":"5.626390%"},{"v":1,"d":"100.0000000%"},{"$f":"M33*K33+0.01","v":{"v":288824.40349396,"d":"288,824.40"}},{"v":17219.20650604001,"d":"17,219.21"},{"v":306043.61,"d":"306,043.61"}]
[null,null,"TOTAL DE PINTURAS",{"$nulls":5},{"$f":"SUM(I26:I33)","v":{"v":1471122.9020000002,"d":"1,471,122.90"}},{"v":732000.78,"d":"732,000.78"},{"v":2203123.6619999995,"d":"2,203,123.66"},{"$nulls":4},"TOTAL",{"$f":"SUM(Q26:Q33)","v":{"v":119326.4962076656,"d":"R$ 119,326.50"}},{"v":2203123.652,"d":"R$ 2,203,123.65"}]
["5.0","SEDI","SERVIÇOS DIVERSOS",{"$nulls":7}," "]
["5.1",null,"Limpeza e Arremates Finais"]
["5.1.1",99814,"Limpeza de Superfície com Jato de Alto Pressão","m²",{"$f":"'[1]M.C.O'!C275","v":{"v":17135.688500000004,"d":"17,135.69"}},0.51,0.97,{"$f":"ROUND(F37+G37,2)","v":1.48},{"v":8739.21,"d":"8,739.21"},{"v":16621.63,"d":"16,621.63"},{"$f":"I37+J37","v":{"v":25360.84,"d":"25,360.84"}},{"$f":"(1-(M37*1))*E37","v":{"v":964.1138099197506,"d":"964.11"}},{"v":0.9437365,"d":"94.3736500%"},{"$f":"L37/E37","v":{"v":0.05626350000000002,"d":"5.626350%"}},{"$f":"M37+N37","v":{"v":1,"d":"100.0000000%"}},{"$f":"M37*K37","v":{"v":23933.95037866,"d":"23,933.95"}},{"$f":"N37*K37","v":{"v":1426.8896213400005,"d":"1,426.89"}},{"$f":"P37+Q37","v":{"v":25360.84,"d":"25,360.84"}}]
[null,null,"TOTAL DE SERVIÇOS DIVERSOS",{"$nulls":5},{"$f":"SUM(I35:I37)","v":{"v":8739.21,"d":"8,739.21"}},{"$f":"SUM(J37)","v":{"v":16621.63,"d":"16,621.63"}},{"$f":"SUM(K35:K37)","v":{"v":25360.84,"d":"25,360.84"}},{"$nulls":4},"TOTAL",{"$f":"SUM(Q37)","v":{"v":1426.8896213400005,"d":"R$ 1,426.89"}},{"v":25360.84,"d":"R$ 25,360.84"}]
[null,null,"SOMA PARCIAL",{"$nulls":5},{"$f":"I38++I34+I23+I16+I12","v":{"v":1935859.1920000003,"d":"1,935,859.19"}},{"v":1368565.7600000002,"d":"1,368,565.76"},{"v":3304424.922,"d":"3,304,424.92"},"VALOR TOTAL SEM B.D.I",{"$nulls":4},{"$f":"SUM(Q38+Q34+Q23+Q16+Q12)","v":{"v":239163.51651637658,"d":"R$ 239,163.52"}},{"$f":"SUM(R38+R34+R23+R16+R12)+0.01","v":{"v":3304424.922,"d":"R$ 3,304,424.92"}}]
[null,null," BDI DE 28,82%",{"$nulls":5},{"v":557914.62,"d":"557,914.62"},{"v":394420.65,"d":"394,420.65"},{"v":952335.26,"d":"952,335.26"},"VALOR B.D.I  DE 28,82%",{"$nulls":4},{"$f":"Q39*'[1]B.D.I'!F21+4-0.23","v":{"v":68930.37219355805,"d":"R$ 68,930.37"}},{"$f":"883404.882871072+Q40","v":{"v":952335.2550646301,"d":"R$ 952,335.26"}}]
[null,null,"TOTAL GERAL COM BDI DE 28,82 %",{"$nulls":5},{"$f":"ROUND(I39+I40,2)","v":{"v":2493773.81,"d":"2,493,773.81"}},{"v":1762986.41,"d":"1,762,986.41"},{"v":4256760.18,"d":"4,256,760.18"},"VALOR TOTAL C/ B.D.I 28,82%",{"$nulls":4},{"$f":"SUM(Q39:Q40)+0.03","v":{"v":308093.9187099347,"d":"R$ 308,093.92"}},{"$f":"SUM(R39:R40)","v":{"v":4256760.17706463,"d":"R$ 4,256,760.18"}}]
[null,null,"TOTAL GERAL POR m²",{"$nulls":7},{"$f":"ROUND(K41/E37,2)","v":248.41}]